Statistiken für Alle Gemeinden Österreichs auf einer Karte

Klicken Sie hier um das Quiz zu spielen!

Allgemein

  • Dieses Quiz wurde 3.259 mal gespielt
    (567 seit der letzten Aktualisierung)
  • Das Durchschnittsergebnis liegt bei 321 aus 2093

Antworten auf der Karte

Die Antworten werden auf der Karte rot bzw. grün angezeigt, abhängig davon wie oft sie richtig erraten wurden.
 

Antwortstatistiken

BezirkBundeslandGKZBevölkerung
(01.01.2023)
Gemeindename% Korrekt
WienWien900011.982.097Wien
89%
InnsbruckTirol70101131.358Innsbruck
81%
SalzburgSalzburg50101156.619Salzburg
80%
GrazSteiermark60101298.479Graz
79%
LinzOberösterreich40101210.118Linz
79%
Steyr-LandOberösterreich415035.746Bad Hall
78%
EisenstadtBurgenland1010115.729Eisenstadt
78%
Klagenfurt am WörtherseeKärnten20101104.332Klagenfurt am Wörthersee
77%
BregenzVorarlberg8020729.620Bregenz
76%
Innsbruck-LandTirol7035414.418Hall in Tirol
76%
FreistadtOberösterreich406272.943Bad Zell
75%
Villach-LandKärnten207081.076Feld am See
75%
VillachKärnten2020165.135Villach
74%
FeldkirchVorarlberg8040435.793Feldkirch
72%
St. PöltenNiederösterreich3020157.639St. Pölten
72%
RohrbachOberösterreich413445.239Rohrbach-Berg
71%
SteyrOberösterreich4020137.917Steyr
71%
Wiener NeustadtNiederösterreich3040147.878Wiener Neustadt
71%
DornbirnVorarlberg8030151.222Dornbirn
70%
WelsOberösterreich4030164.385Wels
70%
Klagenfurt-LandKärnten20441583Zell
70%
VöcklabruckOberösterreich417511.672Zell am Moos
70%
VöcklabruckOberösterreich417521.246Zell am Pettenfirst
70%
Zell am SeeSalzburg5062810.213Zell am See
70%
SchwazTirol709401.710Zell am Ziller
70%
SchärdingOberösterreich414302.011Zell an der Pram
70%
SchwazTirol709041.121Bruck am Ziller
69%
Zell am SeeSalzburg506024.990Bruck an der Großglocknerstraße
69%
Bruck an der LeithaNiederösterreich307048.395Bruck an der Leitha
69%
Bruck-MürzzuschlagSteiermark6213915.970Bruck an der Mur
69%
Krems an der DonauNiederösterreich3010125.271Krems an der Donau
69%
Spittal an der DrauKärnten206421.683Krems in Kärnten
69%
St. Johann im PongauSalzburg5041811.452Sankt Johann im Pongau
69%
LeibnitzSteiermark610321.984Sankt Johann im Saggautal
69%
Hartberg-FürstenfeldSteiermark622442.251Sankt Johann in der Haide
69%
VoitsbergSteiermark616334.272Söding-Sankt Johann
69%
Braunau am InnOberösterreich404362.048St. Johann am Walde
69%
RohrbachOberösterreich413311.021St. Johann am Wimberg
69%
LienzTirol70725304St. Johann im Walde
69%
KitzbühelTirol704169.885St. Johann in Tirol
69%
Bruck an der LeithaNiederösterreich30703982Berg
68%
KitzbühelTirol704118.289Kitzbühel
68%
LeobenSteiermark6110825.140Leoben
68%
Neusiedl am SeeBurgenland107138.917Neusiedl am See
68%
GänserndorfNiederösterreich308411.238Neusiedl an der Zaya
68%
LienzTirol7071611.990Lienz
67%
Ried im InnkreisOberösterreich4122512.482Ried im Innkreis
67%
LandeckTirol706201.320Ried im Oberinntal
67%
Kirchdorf an der KremsOberösterreich409132.962Ried im Traunkreis
67%
SchwazTirol709231.277Ried im Zillertal
67%
PergOberösterreich411184.367Ried in der Riedmark
67%
St. Johann im PongauSalzburg504203.907Sankt Veit im Pongau
67%
LeibnitzSteiermark610604.489Sankt Veit in der Südsteiermark
67%
St. Veit an der GlanKärnten2052712.255St. Veit an der Glan
67%
LilienfeldNiederösterreich314123.833St. Veit an der Gölsen
67%
Braunau am InnOberösterreich40440398St. Veit im Innkreis
67%
RohrbachOberösterreich413371.320St. Veit im Mühlkreis
67%
LienzTirol70726628St. Veit in Defereggen
67%
GmündNiederösterreich309085.173Gmünd
66%
Spittal an der DrauKärnten206082.520Gmünd in Kärnten
66%
KufsteinTirol7051319.930Kufstein
66%
BludenzVorarlberg8010315.029Bludenz
65%
HalleinSalzburg5020521.523Hallein
65%
BadenNiederösterreich3060426.017Baden
64%
Braunau am InnOberösterreich4040417.572Braunau am Inn
64%
PergOberösterreich411169.306Perg
64%
WolfsbergKärnten2092325.133Wolfsberg
64%
VöcklabruckOberösterreich417061.138Berg im Attergau
63%
Spittal an der DrauKärnten206031.229Berg im Drautal
63%
St. Pölten-LandNiederösterreich319302.355Obritzberg-Rust
63%
Hartberg-FürstenfeldSteiermark622761.415Rohr bei Hartberg
63%
GüssingBurgenland10425365Rohr im Burgenland
63%
Wiener Neustadt-LandNiederösterreich32324432Rohr im Gebirge
63%
Steyr-LandOberösterreich415131.495Rohr im Kremstal
63%
RustBurgenland102011.964Rust
63%
AmstettenNiederösterreich3050223.902Amstetten
62%
HornNiederösterreich311096.502Horn
62%
MödlingNiederösterreich3171720.630Mödling
62%
Graz-UmgebungSteiermark606175.436Hart bei Graz
61%
SchwazTirol709151.632Hart im Zillertal
61%
LiezenSteiermark612598.251Liezen
61%
LandeckTirol706231.233See
61%
WeizSteiermark6176611.952Weiz
61%
Urfahr-UmgebungOberösterreich416271.785Zwettl an der Rodl
61%
ZwettlNiederösterreich3253010.702Zwettl-Niederösterreich
61%
ImstTirol7020311.135Imst
60%
OberwartBurgenland109177.998Oberwart
60%
GänserndorfNiederösterreich3081712.012Gänserndorf
59%
GmundenOberösterreich4070513.360Gmunden
59%
GüssingBurgenland104053.610Güssing
59%
HermagorKärnten203056.951Hermagor-Pressegger See
59%
MelkNiederösterreich315245.594Melk
59%
Kirchdorf an der KremsOberösterreich409182.243Spital am Pyhrn
59%
Bruck-MürzzuschlagSteiermark621311.783Spital am Semmering
59%
Spittal an der DrauKärnten2063515.270Spittal an der Drau
59%
Tulln an der DonauNiederösterreich3213516.932Tulln an der Donau
59%
Waidhofen an der ThayaNiederösterreich322205.219Waidhofen an der Thaya
59%
Waidhofen an der ThayaNiederösterreich322211.284Waidhofen an der Thaya-Land
59%
Waidhofen an der YbbsNiederösterreich3030111.126Waidhofen an der Ybbs
59%
Urfahr-UmgebungOberösterreich416065.504Feldkirchen an der Donau
58%
Graz-UmgebungSteiermark606087.261Feldkirchen bei Graz
58%
Braunau am InnOberösterreich404072.148Feldkirchen bei Mattighofen
58%
FeldkirchenKärnten2100214.434Feldkirchen in Kärnten
58%
JennersdorfBurgenland105044.143Jennersdorf
58%
MattersburgBurgenland106067.514Mattersburg
58%
MistelbachNiederösterreich3163312.025Mistelbach
58%
MurauSteiermark614383.448Murau
58%
ReutteTirol708287.163Reutte
58%
BregenzVorarlberg802031.833Au
57%
Bruck an der LeithaNiederösterreich30701968Au am Leithaberge
57%
DeutschlandsbergSteiermark6034411.721Deutschlandsberg
57%
Innsbruck-LandTirol703131.342Gries am Brenner
57%
Innsbruck-LandTirol70314630Gries im Sellrain
57%
LandeckTirol706147.579Landeck
57%
OberpullendorfBurgenland108163.286Oberpullendorf
57%
SchwazTirol7092614.211Schwaz
57%
HollabrunnNiederösterreich3102212.262Hollabrunn
56%
KorneuburgNiederösterreich3121313.697Korneuburg
56%
LeibnitzSteiermark610301.713Sankt Andrä-Höch
55%
SchärdingOberösterreich414225.351Schärding
55%
TamswegSalzburg505105.757Tamsweg
55%
FreistadtOberösterreich406018.180Freistadt
54%
Hartberg-FürstenfeldSteiermark622678.848Fürstenfeld
54%
NeunkirchenNiederösterreich3181812.814Neunkirchen
54%
VöcklabruckOberösterreich4174612.769Vöcklabruck
54%
Ried im InnkreisOberösterreich41210660Kirchdorf am Inn
53%
Kirchdorf an der KremsOberösterreich409054.931Kirchdorf an der Krems
53%
KitzbühelTirol704104.077Kirchdorf in Tirol
53%
LeibnitzSteiermark6105313.014Leibnitz
53%
VoitsbergSteiermark616259.538Voitsberg
53%
VölkermarktKärnten2081710.977Völkermarkt
53%
GrieskirchenOberösterreich408085.104Grieskirchen
52%
ScheibbsNiederösterreich320134.237Scheibbs
52%
EferdingOberösterreich405034.296Eferding
51%
LilienfeldNiederösterreich314072.630Lilienfeld
51%
OberpullendorfBurgenland108121.259Markt Sankt Martin
49%
LilienfeldNiederösterreich314101.532Rohrbach an der Gölsen
49%
Hartberg-FürstenfeldSteiermark622772.640Rohrbach an der Lafnitz
49%
MattersburgBurgenland106102.641Rohrbach bei Mattersburg
49%
Hartberg-FürstenfeldSteiermark622196.764Hartberg
48%
Hartberg-FürstenfeldSteiermark622202.237Hartberg Umgebung
48%
GröbmingSteiermark612611.946Mitterberg-Sankt Martin
48%
GröbmingSteiermark612133.144Gröbming
47%
Bruck an der LeithaNiederösterreich307131.629Hof am Leithaberge
47%
Salzburg-UmgebungSalzburg503193.630Hof bei Salzburg
47%
Bruck-MürzzuschlagSteiermark621438.047Mürzzuschlag
47%
St. Johann im PongauSalzburg504191.784Sankt Martin am Tennengebirge
47%
VoitsbergSteiermark61621808Sankt Martin am Wöllmißberg
47%
JennersdorfBurgenland105091.962Sankt Martin an der Raab
47%
Zell am SeeSalzburg506201.210Sankt Martin bei Lofer
47%
DeutschlandsbergSteiermark603473.024Sankt Martin im Sulmtal
47%
GröbmingSteiermark612656.553Schladming
47%
GmündNiederösterreich309321.057St. Martin
47%
Ried im InnkreisOberösterreich412282.187St. Martin im Innkreis
47%
RohrbachOberösterreich413323.812St. Martin im Mühlkreis
47%
MelkNiederösterreich315401.632St. Martin-Karlsbach
47%
LeibnitzSteiermark610201.372Lang
45%
Bruck an der LeithaNiederösterreich3074021.166Schwechat
45%
LandeckTirol706212.362St. Anton am Arlberg
45%
ScheibbsNiederösterreich320111.146St. Anton an der Jeßnitz
45%
BludenzVorarlberg80119705St. Anton im Montafon
45%
SchärdingOberösterreich414051.101Dorf an der Pram
44%
Tulln an der DonauNiederösterreich3214428.107Klosterneuburg
44%
BregenzVorarlberg802221.503Langen bei Bregenz
44%
LeobenSteiermark61119540Wald am Schoberpaß
44%
Zell am SeeSalzburg506261.149Wald im Pinzgau
44%
Wiener Neustadt-LandNiederösterreich323013.560Bad Fischau-Brunn
43%
MödlingNiederösterreich317259.577Wiener Neudorf
43%
MistelbachNiederösterreich316296.275Laa an der Thaya
42%
DeutschlandsbergSteiermark603231.591Pölfing-Brunn
42%
GmundenOberösterreich4070314.228Bad Ischl
41%
LandeckTirol706081.619Ischgl
41%
Bruck-MürzzuschlagSteiermark621423.718Mariazell
41%
KufsteinTirol7053114.403Wörgl
41%
MödlingNiederösterreich3170412.218Brunn am Gebirge
40%
HornNiederösterreich31102840Brunn an der Wild
40%
DornbirnVorarlberg8030323.843Lustenau
40%
MurauSteiermark614421.694Sankt Georgen am Kreischberg
40%
LeibnitzSteiermark610551.591Sankt Georgen an der Stiefing
40%
Salzburg-UmgebungSalzburg503293.081Sankt Georgen bei Salzburg
40%
MurtalSteiermark62026842Sankt Georgen ob Judenburg
40%
MurtalSteiermark620452.032Sankt Marein-Feistritz
40%
Braunau am InnOberösterreich40435451St. Georgen am Fillmannsbach
40%
St. Veit an der GlanKärnten205233.624St. Georgen am Längsee
40%
AmstettenNiederösterreich30526534St. Georgen am Reith
40%
PergOberösterreich411191.957St. Georgen am Walde
40%
AmstettenNiederösterreich305272.863St. Georgen am Ybbsfelde
40%
PergOberösterreich411204.424St. Georgen an der Gusen
40%
ScheibbsNiederösterreich320121.331St. Georgen an der Leys
40%
GrieskirchenOberösterreich408251.340St. Georgen bei Grieskirchen
40%
Ried im InnkreisOberösterreich41226556St. Georgen bei Obernberg am Inn
40%
VöcklabruckOberösterreich417344.701St. Georgen im Attergau
40%
WolfsbergKärnten209141.908St. Georgen im Lavanttal
40%
Linz-LandOberösterreich4102125.006Traun
40%
MelkNiederösterreich315495.653Ybbs an der Donau
40%
Linz-LandOberösterreich4100512.176Enns
39%
Neusiedl am SeeBurgenland107191.386Sankt Andrä am Zicksee
39%
TamswegSalzburg50507748Sankt Andrä im Lungau
39%
WolfsbergKärnten209139.839St. Andrä
39%
Tulln an der DonauNiederösterreich321427.977St. Andrä-Wördern
39%
VöcklabruckOberösterreich417411.540Straß im Attergau
39%
KremsNiederösterreich313461.785Straß im Straßertale
39%
SchwazTirol70930853Strass im Zillertal
39%
LeibnitzSteiermark610616.406Straß in Steiermark
39%
ReutteTirol70801653Bach
38%
St. Johann im PongauSalzburg504033.976Bad Gastein
38%
BregenzVorarlberg802113.684Egg
38%
MurtalSteiermark620409.614Judenburg
38%
Zell am SeeSalzburg506142.661Neukirchen am Großvenediger
38%
GrieskirchenOberösterreich408171.647Neukirchen am Walde
38%
Braunau am InnOberösterreich404272.315Neukirchen an der Enknach
38%
VöcklabruckOberösterreich417162.630Neukirchen an der Vöckla
38%
Wels-LandOberösterreich41813962Neukirchen bei Lambach
38%
HalleinSalzburg502094.965Puch bei Hallein
38%
WeizSteiermark617402.042Puch bei Weiz
38%
DeutschlandsbergSteiermark603514.283Wies
38%
NeunkirchenNiederösterreich318031.906Aspangberg-St. Peter
37%
GmundenOberösterreich40709734Hallstatt
37%
Tulln an der DonauNiederösterreich321143.845Kirchberg am Wagram
37%
GmündNiederösterreich309211.269Kirchberg am Walde
37%
NeunkirchenNiederösterreich318142.494Kirchberg am Wechsel
37%
St. Pölten-LandNiederösterreich319183.195Kirchberg an der Pielach
37%
SüdoststeiermarkSteiermark623824.588Kirchberg an der Raab
37%
Braunau am InnOberösterreich404171.246Kirchberg bei Mattighofen
37%
KitzbühelTirol704095.304Kirchberg in Tirol
37%
RohrbachOberösterreich413141.078Kirchberg ob der Donau
37%
Linz-LandOberösterreich410102.576Kirchberg-Thening
37%
GüssingBurgenland104131.010Sankt Michael im Burgenland
37%
TamswegSalzburg505093.539Sankt Michael im Lungau
37%
LeobenSteiermark611133.116Sankt Michael in Obersteiermark
37%
NeunkirchenNiederösterreich31842157Bürg-Vöstenhof
36%
Zell am SeeSalzburg506182.881Saalbach-Hinterglemm
36%
SüdoststeiermarkSteiermark623882.913Sankt Peter am Ottersbach
36%
LeobenSteiermark611142.329Sankt Peter-Freienstein
36%
DeutschlandsbergSteiermark603291.274Sankt Peter im Sulmtal
36%
MurtalSteiermark620321.125Sankt Peter ob Judenburg
36%
Braunau am InnOberösterreich404382.495St. Peter am Hart
36%
MurauSteiermark614251.993St. Peter am Kammersberg
36%
RohrbachOberösterreich413341.712St. Peter am Wimberg
36%
AmstettenNiederösterreich305305.141St. Peter in der Au
36%
Salzburg-UmgebungSalzburg5033814.246Wals-Siezenheim
36%
VöcklabruckOberösterreich417021.634Attersee am Attersee
35%
BadenNiederösterreich3060312.396Bad Vöslau
35%
St. Johann im PongauSalzburg5040410.658Bischofshofen
35%
SchwazTirol709073.495Eben am Achensee
35%
St. Johann im PongauSalzburg504062.622Eben im Pongau
35%
Bruck-MürzzuschlagSteiermark6214022.182Kapfenberg
35%
VöcklabruckOberösterreich417154.123Mondsee
35%
GmundenOberösterreich407172.944St. Wolfgang im Salzkammergut
35%
Graz-UmgebungSteiermark606482.455Thal
35%
BregenzVorarlberg8021513.786Hard
34%
GröbmingSteiermark612172.429Haus
34%
LeibnitzSteiermark610212.246Lebring-Sankt Margarethen
34%
BludenzVorarlberg801131.605Lech
34%
Zell am SeeSalzburg5061917.123Saalfelden am Steinernen Meer
34%
KorneuburgNiederösterreich3123016.974Stockerau
34%
Villach-LandKärnten207259.127Velden am Wörther See
34%
FeldkirchVorarlberg804016.970Altach
33%
NeunkirchenNiederösterreich318112.304Grafenbach-St. Valentin
33%
AmstettenNiederösterreich305145.753Haag
33%
Braunau am InnOberösterreich404143.403Hochburg-Ach
33%
NeunkirchenNiederösterreich31838635Semmering
33%
ImstTirol702203.087Sölden
33%
Graz-UmgebungSteiermark606683.749Sankt Marein bei Graz
32%
Bruck-MürzzuschlagSteiermark621462.816Sankt Marein im Mürztal
32%
Linz-LandOberösterreich410204.989St. Marien
32%
AmstettenNiederösterreich305319.374St. Valentin
32%
BadenNiederösterreich306022.211Altenmarkt an der Triesting
31%
LiezenSteiermark61205794Altenmarkt bei Sankt Gallen
31%
St. Johann im PongauSalzburg504014.691Altenmarkt im Pongau
31%
SüdoststeiermarkSteiermark623763.235Bad Radkersburg
31%
HornNiederösterreich311071.281Geras
31%
DeutschlandsbergSteiermark603464.092Groß Sankt Florian
31%
Salzburg-UmgebungSalzburg503246.626Neumarkt am Wallersee
31%
MelkNiederösterreich315272.075Neumarkt an der Ybbs
31%
GrieskirchenOberösterreich408181.534Neumarkt im Hausruckkreis
31%
FreistadtOberösterreich406123.233Neumarkt im Mühlkreis
31%
MurauSteiermark614394.920Neumarkt in der Steiermark
31%
Neusiedl am SeeBurgenland107175.326Parndorf
31%
MurtalSteiermark620462.650Sankt Margarethen bei Knittelfeld
31%
Eisenstadt-UmgebungBurgenland103132.734Sankt Margarethen im Burgenland
31%
TamswegSalzburg50508761Sankt Margarethen im Lungau
31%
Klagenfurt-LandKärnten204281.089St. Margareten im Rosental
31%
WeizSteiermark617464.212St. Margarethen an der Raab
31%
St. Pölten-LandNiederösterreich319381.057St. Margarethen an der Sierning
31%
LiezenSteiermark612075.016Bad Aussee
30%
MurtalSteiermark620081.329Gaal
30%
Innsbruck-LandTirol703273.545Matrei am Brenner
30%
LienzTirol707174.614Matrei in Osttirol
30%
FeldkirchenKärnten210071.717Reichenau
30%
NeunkirchenNiederösterreich318292.567Reichenau an der Rax
30%
Urfahr-UmgebungOberösterreich416191.338Reichenau im Mühlkreis
30%
KufsteinTirol705263.740Söll
30%
MurtalSteiermark620475.348Spielberg
30%
Linz-LandOberösterreich410136.379St. Florian
30%
SchärdingOberösterreich414183.187St. Florian am Inn
30%
BadenNiederösterreich3063919.150Traiskirchen
30%
MödlingNiederösterreich317237.588Vösendorf
30%
LilienfeldNiederösterreich31401506Annaberg
29%
St. Johann im PongauSalzburg504026.775Bad Hofgastein
29%
DornbirnVorarlberg8030217.239Hohenems
29%
LienzTirol707193.410Nußdorf-Debant
29%
HalleinSalzburg502032.209Annaberg-Lungötz
28%
KorneuburgNiederösterreich3123511.871Gerasdorf bei Wien
28%
GänserndorfNiederösterreich3082112.043Groß-Enzersdorf
28%
Spittal an der DrauKärnten20610964Heiligenblut am Großglockner
28%
St. Veit an der GlanKärnten205131.766Klein St. Paul
28%
St. Pölten-LandNiederösterreich319268.609Neulengbach
28%
VöcklabruckOberösterreich417181.139Nußdorf am Attersee
28%
Salzburg-UmgebungSalzburg503252.535Nußdorf am Haunsberg
28%
St. Pölten-LandNiederösterreich319281.907Nußdorf ob der Traisen
28%
SchärdingOberösterreich414142.345Raab
28%
Hartberg-FürstenfeldSteiermark622421.008Sankt Jakob im Walde
28%
Villach-LandKärnten207224.290St. Jakob im Rosental
28%
LienzTirol70724813St. Jakob in Defereggen
28%
KitzbühelTirol70415824St. Jakob in Haus
28%
VöcklabruckOberösterreich417039.201Attnang-Puchheim
27%
WolfsbergKärnten209014.289Bad St. Leonhard im Lavanttal
27%
LeobenSteiermark611013.501Eisenerz
27%
Zell am SeeSalzburg50604741Fusch an der Großglocknerstraße
27%
GüssingBurgenland104041.033Gerersdorf-Sulz
27%
NeunkirchenNiederösterreich318105.895Gloggnitz
27%
GrieskirchenOberösterreich408092.266Haag am Hausruck
27%
Bruck an der LeithaNiederösterreich307106.982Hainburg a.d. Donau
27%
ZwettlNiederösterreich325151.452Kottes-Purk
27%
Linz-LandOberösterreich4101229.129Leonding
27%
Braunau am InnOberösterreich404217.398Mattighofen
27%
PergOberösterreich411114.899Mauthausen
27%
Zell am SeeSalzburg506135.804Mittersill
27%
Neusiedl am SeeBurgenland10725787Neudorf
27%
MistelbachNiederösterreich316341.408Neudorf im Weinviertel
27%
St. Pölten-LandNiederösterreich319529.944Purkersdorf
27%
St. Johann im PongauSalzburg504174.947Radstadt
27%
Salzburg-UmgebungSalzburg5033911.233Seekirchen am Wallersee
27%
LilienfeldNiederösterreich314111.798St. Aegyd am Neuwalde
27%
WolfsbergKärnten209183.179St. Paul im Lavanttal
27%
BadenNiederösterreich306058.956Berndorf
26%
Salzburg-UmgebungSalzburg503041.744Berndorf bei Salzburg
26%
Bruck an der LeithaNiederösterreich307305.714Fischamend
26%
MelkNiederösterreich315091.470Golling an der Erlauf
26%
HalleinSalzburg502044.397Golling an der Salzach
26%
MödlingNiederösterreich317109.285Guntramsdorf
26%
MödlingNiederösterreich317168.830Maria Enzersdorf
26%
Neusiedl am SeeBurgenland107141.855Nickelsdorf
26%
GänserndorfNiederösterreich308442.165Orth an der Donau
26%
Ried im InnkreisOberösterreich412201.365Ort im Innkreis
26%
Innsbruck-LandTirol7035716.271Telfs
26%
NeunkirchenNiederösterreich3183914.693Ternitz
26%
Innsbruck-LandTirol703678.173Wattens
26%
MurtalSteiermark620387.114Zeltweg
26%
GmundenOberösterreich407027.588Bad Goisern am Hallstättersee
25%
GänserndorfNiederösterreich308089.174Deutsch-Wagram
25%
BadenNiederösterreich3060711.860Ebreichsdorf
25%
BadenNiederösterreich306161.677Klausen-Leopoldsdorf
25%
HalleinSalzburg502077.475Kuchl
25%
Zell am SeeSalzburg506102.103Lofer
25%
Eisenstadt-UmgebungBurgenland103072.218Mörbisch am See
25%
ZwettlNiederösterreich32520908Pölla
25%
HollabrunnNiederösterreich310374.279Retz
25%
SüdoststeiermarkSteiermark623893.812Sankt Stefan im Rosental
25%
LeobenSteiermark611151.823Sankt Stefan ob Leoben
25%
DeutschlandsbergSteiermark603483.622Sankt Stefan ob Stainz
25%
MelkNiederösterreich315393.046St. Leonhard am Forst
25%
KremsNiederösterreich313401.114St. Leonhard am Hornerwald
25%
FreistadtOberösterreich406171.347St. Leonhard bei Freistadt
25%
ImstTirol702171.454St. Leonhard im Pitztal
25%
RohrbachOberösterreich413461.110St. Stefan-Afiesl
25%
HermagorKärnten203161.575St. Stefan im Gailtal
25%
St. Pölten-LandNiederösterreich319013.181Altlengbach
24%
Hartberg-FürstenfeldSteiermark622731.831Bad Loipersdorf
24%
Neusiedl am SeeBurgenland107052.932Frauenkirchen
24%
Salzburg-UmgebungSalzburg503147.408Grödig
24%
MödlingNiederösterreich317094.017Gumpoldskirchen
24%
Kirchdorf an der KremsOberösterreich40903879Hinterstoder
24%
BadenNiederösterreich306205.259Leobersdorf
24%
BregenzVorarlberg802271.258Mellau
24%
ScheibbsNiederösterreich320062.999Oberndorf an der Melk
24%
Salzburg-UmgebungSalzburg503266.058Oberndorf bei Salzburg
24%
VöcklabruckOberösterreich417201.383Oberndorf bei Schwanenstadt
24%
KitzbühelTirol704132.407Oberndorf in Tirol
24%
LiezenSteiermark612641.801Sankt Gallen
24%
BregenzVorarlberg802353.898Schwarzach
24%
St. Johann im PongauSalzburg504213.520Schwarzach im Pongau
24%
FeldkirchVorarlberg804202.640Sulz
24%
GänserndorfNiederösterreich308571.243Sulz im Weinviertel
24%
OberwartBurgenland10925973Unterwart
24%
MattersburgBurgenland106152.770Wiesen
24%
Tulln an der DonauNiederösterreich321414.181Zwentendorf an der Donau
24%
BadenNiederösterreich306012.651Alland
23%
Hartberg-FürstenfeldSteiermark622021.637Bad Blumau
23%
Wiener Neustadt-LandNiederösterreich32302742Bad Schönau
23%
Hartberg-FürstenfeldSteiermark622052.183Buch-St. Magdalena
23%
KufsteinTirol705101.604Erl
23%
Villach-LandKärnten20707654Feistritz an der Gail
23%
Klagenfurt-LandKärnten204032.539Feistritz im Rosental
23%
VölkermarktKärnten208052.191Feistritz ob Bleiburg
23%
SüdoststeiermarkSteiermark6237913.421Feldbach
23%
St. Johann im PongauSalzburg504083.050Flachau
23%
Salzburg-UmgebungSalzburg503121.659Fuschl am See
23%
Neusiedl am SeeBurgenland107074.011Gols
23%
FeldkirchVorarlberg8040812.041Götzis
23%
St. Veit an der GlanKärnten205081.187Gurk
23%
Bruck an der LeithaNiederösterreich307327.994Himberg
23%
SchwazTirol709177.492Jenbach
23%
Neusiedl am SeeBurgenland107113.630Kittsee
23%
Kirchdorf an der KremsOberösterreich409076.863Kremsmünster
23%
Bruck an der LeithaNiederösterreich307355.448Leopoldsdorf
23%
GänserndorfNiederösterreich308312.946Leopoldsdorf im Marchfelde
23%
OberwartBurgenland109101.366Loipersdorf-Kitzladen
23%
WeizSteiermark617311.359Naas
23%
St. Pölten-LandNiederösterreich319271.593Neustift-Innermanzing
23%
FeldkirchenKärnten21006897Ossiach
23%
MödlingNiederösterreich3171914.976Perchtoldsdorf
23%
Neusiedl am SeeBurgenland107182.193Podersdorf am See
23%
Innsbruck-LandTirol703469.381Rum
23%
AmstettenNiederösterreich305292.692St. Pantaleon-Erla
23%
St. Johann im PongauSalzburg504243.089Werfen
23%
HalleinSalzburg502016.003Abtenau
22%
Salzburg-UmgebungSalzburg503014.286Anif
22%
BregenzVorarlberg80208599Buch
22%
SchwazTirol709052.596Buch in Tirol
22%
NeunkirchenNiederösterreich318091.031Feistritz am Wechsel
22%
Wiener Neustadt-LandNiederösterreich323074.502Felixdorf
22%
ScheibbsNiederösterreich320012.933Gaming
22%
WeizSteiermark6176011.362Gleisdorf
22%
BadenNiederösterreich306131.616Heiligenkreuz
22%
LeibnitzSteiermark610522.888Heiligenkreuz am Waasen
22%
JennersdorfBurgenland105031.283Heiligenkreuz im Lafnitztal
22%
BregenzVorarlberg802178.310Höchst
22%
Tulln an der DonauNiederösterreich321122.359Judenau-Baumgarten
22%
GrieskirchenOberösterreich408131.429Kematen am Innbach
22%
Linz-LandOberösterreich410093.093Kematen an der Krems
22%
AmstettenNiederösterreich305172.755Kematen an der Ybbs
22%
Innsbruck-LandTirol703203.229Kematen in Tirol
22%
MurtalSteiermark6204112.781Knittelfeld
22%
Zell am SeeSalzburg50607815Krimml
22%
Wels-LandOberösterreich4181214.603Marchtrenk
22%
KremsNiederösterreich313273.418Mautern an der Donau
22%
LeobenSteiermark611091.695Mautern in Steiermark
22%
SchärdingOberösterreich41412325Mayrhof
22%
AmstettenNiederösterreich305222.086Oed-Oehling
22%
NeunkirchenNiederösterreich318212.060Payerbach
22%
St. Pölten-LandNiederösterreich319517.863Pressbaum
22%
BludenzVorarlberg801224.027Schruns
22%
Innsbruck-LandTirol703647.186Völs
22%
Neusiedl am SeeBurgenland107222.614Weiden am See
22%
GänserndorfNiederösterreich308651.022Weiden an der March
22%
OberwartBurgenland10926821Weiden bei Rechnitz
22%
ScheibbsNiederösterreich320164.672Wieselburg
22%
ScheibbsNiederösterreich320173.432Wieselburg-Land
22%
MistelbachNiederösterreich316557.425Wolkersdorf im Weinviertel
22%
LandeckTirol706303.613Zams
22%
MödlingNiederösterreich317011.592Achau
21%
Linz-LandOberösterreich4100218.145Ansfelden
21%
MödlingNiederösterreich317023.155Biedermannsdorf
21%
St. Pölten-LandNiederösterreich319041.260Brand-Laaben
21%
OberpullendorfBurgenland108031.090Frankenau-Unterpullendorf
21%
MödlingNiederösterreich317061.601Gaaden
21%
MödlingNiederösterreich317123.941Hinterbrühl
21%
BadenNiederösterreich306187.468Kottingbrunn
21%
Hartberg-FürstenfeldSteiermark622261.487Lafnitz
21%
KorneuburgNiederösterreich312165.134Leobendorf
21%
MelkNiederösterreich315203.902Loosdorf
21%
Zell am SeeSalzburg506122.245Maria Alm am Steinernen Meer
21%
OberwartBurgenland10929810Neustift an der Lafnitz
21%
GüssingBurgenland10410446Neustift bei Güssing
21%
RohrbachOberösterreich413291.478Neustift im Mühlkreis
21%
Innsbruck-LandTirol703345.012Neustift im Stubaital
21%
NeunkirchenNiederösterreich318262.721Puchberg am Schneeberg
21%
LilienfeldNiederösterreich31409822Ramsau
21%
GröbmingSteiermark612362.917Ramsau am Dachstein
21%
SchwazTirol709221.715Ramsau im Zillertal
21%
Salzburg-UmgebungSalzburg503304.076Sankt Gilgen
21%
Graz-UmgebungSteiermark6066912.112Seiersberg-Pirka
21%
GänserndorfNiederösterreich3085611.786Strasshof an der Nordbahn
21%
KitzbühelTirol704171.969St. Ulrich am Pillersee
21%
Steyr-LandOberösterreich415143.168St. Ulrich bei Steyr
21%
RohrbachOberösterreich41336690St. Ulrich im Mühlkreis
21%
VöcklabruckOberösterreich417475.177Vöcklamarkt
21%
St. Johann im PongauSalzburg504233.181Wagrain
21%
MödlingNiederösterreich317262.949Wienerwald
21%
Linz-LandOberösterreich410036.853Asten
20%
Hartberg-FürstenfeldSteiermark622643.897Bad Waltersdorf
20%
Salzburg-UmgebungSalzburg503035.855Bergheim
20%
BludenzVorarlberg80105788Brand
20%
GmündNiederösterreich309031.453Brand-Nagelberg
20%
KremsNiederösterreich31304792Dürnstein
20%
Bruck an der LeithaNiederösterreich307063.584Enzersdorf an der Fischa
20%
Bruck an der LeithaNiederösterreich307313.702Gramatneusiedl
20%
St. Pölten-LandNiederösterreich319127.936Herzogenburg
20%
ReutteTirol708161.274Höfen
20%
HollabrunnNiederösterreich310211.309Hohenwarth-Mühlbach a.M.
20%
Neusiedl am SeeBurgenland107092.365Illmitz
20%
ReutteTirol70818291Jungholz
20%
VoitsbergSteiermark616319.639Köflach
20%
MödlingNiederösterreich317141.094Laab im Walde
20%
GmundenOberösterreich407119.813Laakirchen
20%
KorneuburgNiederösterreich312148.062Langenzersdorf
20%
BregenzVorarlberg802266.530Lochau
20%
Spittal an der DrauKärnten206203.462Millstatt am See
20%
St. Johann im PongauSalzburg504151.400Mühlbach am Hochkönig
20%
Wiener Neustadt-LandNiederösterreich323232.488Pernitz
20%
Braunau am InnOberösterreich404311.255Pfaffstätt
20%
OberwartBurgenland109185.939Pinkafeld
20%
MelkNiederösterreich315334.000Pöchlarn
20%
Klagenfurt-LandKärnten204242.937Pörtschach am Wörther See
20%
FeldkirchVorarlberg8041412.150Rankweil
20%
SüdoststeiermarkSteiermark623872.381Sankt Anna am Aigen
20%
BregenzVorarlberg80233946Schoppernau
20%
Innsbruck-LandTirol703513.596Seefeld in Tirol
20%
HollabrunnNiederösterreich31042963Seefeld-Kadolz
20%
ImstTirol702211.583Stams
20%
Wiener Neustadt-LandNiederösterreich323304.189Theresienfeld
20%
LilienfeldNiederösterreich314133.414Traisen
20%
BludenzVorarlberg801282.187Tschagguns
20%
Tulln an der DonauNiederösterreich321012.427Absdorf
19%
Neusiedl am SeeBurgenland107012.300Andau
19%
Neusiedl am SeeBurgenland107021.754Apetlon
19%
NeunkirchenNiederösterreich318021.793Aspang-Markt
19%
LiezenSteiermark612554.946Bad Mitterndorf
19%
BregenzVorarlberg802042.042Bezau
19%
KorneuburgNiederösterreich312014.886Bisamberg
19%
BadenNiederösterreich306461.945Blumau-Neurißhof
19%
OberpullendorfBurgenland108013.180Deutschkreutz
19%
St. Johann im PongauSalzburg504051.726Dorfgastein
19%
FeldkirchVorarlberg804056.699Frastanz
19%
HornNiederösterreich311063.488Gars am Kamp
19%
Graz-UmgebungSteiermark606138.370Gratkorn
19%
St. Johann im PongauSalzburg504113.784Großarl
19%
BregenzVorarlberg802186.674Hörbranz
19%
LienzTirol707121.113Kals am Großglockner
19%
HermagorKärnten203062.492Kirchbach
19%
SüdoststeiermarkSteiermark623813.203Kirchbach-Zerlach
19%
ImstTirol702084.893Längenfeld
19%
MödlingNiederösterreich317153.065Laxenburg
19%
Zell am SeeSalzburg506081.261Lend
19%
Zell am SeeSalzburg506093.533Leogang
19%
OberpullendorfBurgenland10810825Lutzmannsburg
19%
GänserndorfNiederösterreich308353.099Marchegg
19%
SchwazTirol709203.954Mayrhofen
19%
Neusiedl am SeeBurgenland107161.518Pamhagen
19%
Graz-UmgebungSteiermark606411.270Sankt Oswald bei Plankenwarth
19%
LiezenSteiermark612431.502Selzthal
19%
BludenzVorarlberg80124636Sonntag
19%
BadenNiederösterreich306351.044Sooß
19%
NeunkirchenNiederösterreich31830388St. Corona am Wechsel
19%
BludenzVorarlberg801202.216St. Gallenkirch
19%
MelkNiederösterreich315411.129St. Oswald
19%
FreistadtOberösterreich406183.041St. Oswald bei Freistadt
19%
RohrbachOberösterreich41333515St. Oswald bei Haslach
19%
Salzburg-UmgebungSalzburg503358.011Straßwalchen
19%
GrieskirchenOberösterreich40826571St. Thomas
19%
PergOberösterreich41122934St. Thomas am Blasenstein
19%
St. Pölten-LandNiederösterreich319436.474Traismauer
19%
Zell am SeeSalzburg506232.016Unken
19%
GrieskirchenOberösterreich408323.144Wallern an der Trattnach
19%
Neusiedl am SeeBurgenland107211.645Wallern im Burgenland
19%
Wiener Neustadt-LandNiederösterreich323375.008Wöllersdorf-Steinabrückl
19%
Villach-LandKärnten207027.042Arnoldstein
18%
BregenzVorarlberg802061.116Bizau
18%
Eisenstadt-UmgebungBurgenland103011.932Breitenbrunn am Neusiedler See
18%
GmundenOberösterreich407061.841Gosau
18%
Graz-UmgebungSteiermark6066412.770Gratwein-Straßengel
18%
ZwettlNiederösterreich325084.508Groß Gerungs
18%
MödlingNiederösterreich317111.552Hennersdorf
18%
Hartberg-FürstenfeldSteiermark622713.754Ilz
18%
MödlingNiederösterreich317133.325Kaltenleutgeben
18%
Bruck-MürzzuschlagSteiermark621418.183Kindberg
18%
FeldkirchVorarlberg804093.073Klaus
18%
Kirchdorf an der KremsOberösterreich409061.120Klaus an der Pyhrnbahn
18%
BregenzVorarlberg8022410.433Lauterach
18%
Spittal an der DrauKärnten206191.902Malta
18%
Innsbruck-LandTirol703294.616Mils
18%
ImstTirol70210655Mils bei Imst
18%
LandeckTirol706151.570Nauders
18%
BludenzVorarlberg801166.402Nenzing
18%
Eisenstadt-UmgebungBurgenland103093.642Neufeld an der Leitha
18%
Eisenstadt-UmgebungBurgenland103101.710Oggau am Neusiedler See
18%
ZwettlNiederösterreich325181.031Ottenschlag
18%
Urfahr-UmgebungOberösterreich41616562Ottenschlag im Mühlkreis
18%
MistelbachNiederösterreich316445.685Poysdorf
18%
Eisenstadt-UmgebungBurgenland103122.984Purbach am Neusiedler See
18%
WeizSteiermark617411.093Ratten
18%
VöcklabruckOberösterreich417317.021Regau
18%
SüdoststeiermarkSteiermark623865.041Riegersburg
18%
Bruck-MürzzuschlagSteiermark621456.518Sankt Barbara im Mürztal
18%
NeunkirchenNiederösterreich318352.139Schwarzau am Steinfeld
18%
NeunkirchenNiederösterreich31836630Schwarzau im Gebirge
18%
Urfahr-UmgebungOberösterreich416245.107Steyregg
18%
Salzburg-UmgebungSalzburg503376.030Thalgau
18%
ScheibbsNiederösterreich320151.370Wang
18%
NeunkirchenNiederösterreich318431.548Warth
18%
BregenzVorarlberg80239184Warth
18%
St. Johann im PongauSalzburg504251.099Werfenweng
18%
Eisenstadt-UmgebungBurgenland103191.952Wulkaprodersdorf
18%
AmstettenNiederösterreich305433.344Ybbsitz
18%
Innsbruck-LandTirol703017.329Absam
17%
LiezenSteiermark612534.991Admont
17%
WeizSteiermark617564.029Anger
17%
MattersburgBurgenland10617919Baumgarten
17%
MistelbachNiederösterreich316041.592Bernhardsthal
17%
VölkermarktKärnten208014.103Bleiburg
17%
St. Pölten-LandNiederösterreich319035.132Böheimkirchen
17%
BludenzVorarlberg801063.418Bürs
17%
BludenzVorarlberg801081.607Dalaas
17%
Salzburg-UmgebungSalzburg503107.199Eugendorf
17%
St. Johann im PongauSalzburg504071.505Filzmoos
17%
LandeckTirol70606791Galtür
17%
SchwazTirol70912803Gerlos
17%
ScheibbsNiederösterreich320022.016Göstling an der Ybbs
17%
LeibnitzSteiermark610132.247Großklein
17%
Eisenstadt-UmgebungBurgenland103043.270Hornstein
17%
Linz-LandOberösterreich410076.648Hörsching
17%
Neusiedl am SeeBurgenland107101.631Jois
17%
KufsteinTirol705115.983Kirchbichl
17%
ZwettlNiederösterreich32514617Kirchschlag
17%
Urfahr-UmgebungOberösterreich416132.224Kirchschlag bei Linz
17%
Wiener Neustadt-LandNiederösterreich323142.801Kirchschlag in der Buckligen Welt
17%
St. Johann im PongauSalzburg50414812Kleinarl
17%
Bruck-MürzzuschlagSteiermark621155.403Krieglach
17%
BregenzVorarlberg802211.094Krumbach
17%
Wiener Neustadt-LandNiederösterreich323152.410Krumbach
17%
Bruck-MürzzuschlagSteiermark621163.872Langenwang
17%
TamswegSalzburg50502547Lessach
17%
MelkNiederösterreich315213.335Mank
17%
MödlingNiederösterreich317183.188Münchendorf
17%
Hartberg-FürstenfeldSteiermark622755.958Pöllau
17%
Zell am SeeSalzburg506173.095Rauris
17%
Eisenstadt-UmgebungBurgenland103141.442Schützen am Gebirge
17%
LandeckTirol706241.186Serfaus
17%
Spittal an der DrauKärnten206361.476Stall
17%
PergOberösterreich41121795St. Nikola an der Donau
17%
Waidhofen an der ThayaNiederösterreich322171.438Thaya
17%
St. Pölten-LandNiederösterreich319532.983Tullnerbach
17%
ReutteTirol708361.266Weißenbach am Lech
17%
BadenNiederösterreich306451.746Weissenbach an der Triesting
17%
LeibnitzSteiermark610595.738Wildon
17%
BregenzVorarlberg802408.765Wolfurt
17%
GänserndorfNiederösterreich30801226Aderklaa
16%
LeibnitzSteiermark610011.597Allerheiligen bei Wildon
16%
PergOberösterreich411011.259Allerheiligen im Mühlkreis
16%
MödlingNiederösterreich317036.010Breitenfurt bei Wien
16%
Eisenstadt-UmgebungBurgenland103021.844Donnerskirchen
16%
GmundenOberösterreich407047.501Ebensee am Traunsee
16%
KitzbühelTirol704034.581Fieberbrunn
16%
MattersburgBurgenland106022.777Forchtenstein
16%
St. Pölten-LandNiederösterreich319495.042Gablitz
16%
KitzbühelTirol704041.946Going am Wilden Kaiser
16%
KremsNiederösterreich313083.279Grafenegg
16%
KorneuburgNiederösterreich312041.652Großmugl
16%
Zell am SeeSalzburg506063.129Kaprun
16%
HermagorKärnten203073.340Kötschach-Mauthen
16%
KremsNiederösterreich313227.582Langenlois
16%
Bruck an der LeithaNiederösterreich307341.942Lanzendorf
16%
Bruck an der LeithaNiederösterreich307164.219Mannersdorf am Leithagebirge
16%
OberpullendorfBurgenland108111.761Mannersdorf an der Rabnitz
16%
Bruck an der LeithaNiederösterreich307362.235Maria-Lanzendorf
16%
St. Pölten-LandNiederösterreich319503.590Mauerbach
16%
BregenzVorarlberg802285.127Mittelberg
16%
Innsbruck-LandTirol703312.285Mutters
16%
Neusiedl am SeeBurgenland107151.282Pama
16%
Bruck an der LeithaNiederösterreich307181.280Petronell-Carnuntum
16%
BadenNiederösterreich306253.537Pfaffstätten
16%
ScheibbsNiederösterreich320085.366Purgstall an der Erlauf
16%
OberwartBurgenland109192.997Rechnitz
16%
DeutschlandsbergSteiermark603261.714Sankt Josef (Weststeiermark)
16%
NeunkirchenNiederösterreich31833664Schottwien
16%
Bruck an der LeithaNiederösterreich307392.308Schwadorf
16%
BregenzVorarlberg802361.847Schwarzenberg
16%
Wiener Neustadt-LandNiederösterreich323275.452Sollenau
16%
GüssingBurgenland104142.744Stegersbach
16%
GüssingBurgenland104151.275Stinatz
16%
VöcklabruckOberösterreich417352.612St. Lorenz
16%
Zell am SeeSalzburg506222.761Taxenbach
16%
BludenzVorarlberg801262.293Thüringen
16%
LeobenSteiermark6112011.003Trofaiach
16%
ReutteTirol708331.507Vils
16%
GmundenOberösterreich407207.745Vorchdorf
16%
Neusiedl am SeeBurgenland107242.279Zurndorf
16%
Bruck an der LeithaNiederösterreich307411.689Zwölfaxing
16%
SchwazTirol709012.260Achenkirch
15%
RohrbachOberösterreich413433.225Aigen-Schlägl
15%
BregenzVorarlberg802013.223Alberschwende
15%
ZwettlNiederösterreich325011.732Allentsteig
15%
LienzTirol70706731Außervillgraten
15%
Innsbruck-LandTirol703046.251Axams
15%
Wiener Neustadt-LandNiederösterreich323063.222Bad Erlach
15%
PergOberösterreich411082.375Bad Kreuzen
15%
OberwartBurgenland109011.647Bad Tatzmannsdorf
15%
VoitsbergSteiermark616265.775Bärnbach
15%
ReutteTirol70804755Bichlbach
15%
KufsteinTirol705053.515Breitenbach am Inn
15%
Neusiedl am SeeBurgenland107033.085Bruckneudorf
15%
Graz-UmgebungSteiermark606594.512Deutschfeistritz
15%
GänserndorfNiederösterreich308112.239Dürnkrut
15%
Graz-UmgebungSteiermark606636.633Frohnleiten
15%
BadenNiederösterreich30609895Furth an der Triesting
15%
KremsNiederösterreich313093.044Furth bei Göttweig
15%
MödlingNiederösterreich317072.446Gießhübl
15%
St. Johann im PongauSalzburg504102.647Goldegg
15%
KorneuburgNiederösterreich312062.408Hagenbrunn
15%
St. Pölten-LandNiederösterreich319092.725Hofstetten-Grünau
15%
LienzTirol70710900Innervillgraten
15%
Spittal an der DrauKärnten206131.159Kleblach-Lind
15%
MurauSteiermark614371.365Krakau
15%
Zell am SeeSalzburg506113.666Maishofen
15%
GänserndorfNiederösterreich308382.891Matzen-Raggendorf
15%
ImstTirol702122.223Nassereith
15%
NeunkirchenNiederösterreich318171.733Natschbach-Loipersbach
15%
Bruck-MürzzuschlagSteiermark621442.334Neuberg an der Mürz
15%
GüssingBurgenland10409960Neuberg im Burgenland
15%
MattersburgBurgenland106074.921Neudörfl
15%
VölkermarktKärnten208101.016Neuhaus
15%
JennersdorfBurgenland10507931Neuhaus am Klausenbach
15%
BludenzVorarlberg801174.990Nüziders
15%
Eisenstadt-UmgebungBurgenland103111.312Oslip
15%
Graz-UmgebungSteiermark606322.414Peggau
15%
St. Johann im PongauSalzburg504162.535Pfarrwerfen
15%
SchwazTirol709211.252Pill
15%
BadenNiederösterreich306267.491Pottendorf
15%
GänserndorfNiederösterreich30849730Raasdorf
15%
KitzbühelTirol704141.736Reith bei Kitzbühel
15%
Innsbruck-LandTirol703441.554Reith bei Seefeld
15%
KufsteinTirol705222.797Reith im Alpbachtal
15%
Wels-LandOberösterreich418172.712Sattledt
15%
MattersburgBurgenland106122.406Schattendorf
15%
BadenNiederösterreich306312.118Schönau an der Triesting
15%
FreistadtOberösterreich406191.962Schönau im Mühlkreis
15%
RohrbachOberösterreich41341575Schwarzenberg am Böhmerwald
15%
NeunkirchenNiederösterreich318371.503Seebenstein
15%
VöcklabruckOberösterreich417395.761Seewalchen am Attersee
15%
Eisenstadt-UmgebungBurgenland103153.248Siegendorf
15%
KorneuburgNiederösterreich312263.947Sierndorf
15%
LienzTirol707282.022Sillian
15%
KorneuburgNiederösterreich312272.511Spillern
15%
SchärdingOberösterreich414251.584Suben
15%
BludenzVorarlberg80127721Thüringerberg
15%
LiezenSteiermark612473.312Trieben
15%
SchwazTirol709341.943Tux
15%
ImstTirol702233.454Umhausen
15%
St. Johann im PongauSalzburg50422458Untertauern
15%
Innsbruck-LandTirol703698.224Zirl
15%
LiezenSteiermark612032.696Aigen im Ennstal
14%
KufsteinTirol705012.572Alpbach
14%
LiezenSteiermark612041.865Altaussee
14%
HornNiederösterreich31101842Altenburg
14%
OberwartBurgenland109022.141Bernstein
14%
BludenzVorarlberg801042.617Bludesch
14%
BregenzVorarlberg80209351Damüls
14%
Zell am SeeSalzburg50603720Dienten am Hochkönig
14%
Wiener Neustadt-LandNiederösterreich323043.142Ebenfurth
14%
VölkermarktKärnten208042.194Eisenkappel-Vellach
14%
KufsteinTirol705092.896Ellmau
14%
Salzburg-UmgebungSalzburg503095.507Elsbethen
14%
MelkNiederösterreich315081.125Erlauf
14%
Innsbruck-LandTirol703104.560Fulpmes
14%
BregenzVorarlberg802133.932Fußach
14%
BregenzVorarlberg802141.898Gaißau
14%
BludenzVorarlberg801101.558Gaschurn
14%
St. Pölten-LandNiederösterreich319071.069Gerersdorf
14%
Tulln an der DonauNiederösterreich321073.291Grafenwörth
14%
Salzburg-UmgebungSalzburg503152.614Großgmain
14%
Eisenstadt-UmgebungBurgenland103032.091Großhöflein
14%
GänserndorfNiederösterreich308241.342Groß-Schweinbarth
14%
Neusiedl am SeeBurgenland107081.914Halbturn
14%
HollabrunnNiederösterreich310181.615Haugsdorf
14%
KorneuburgNiederösterreich312083.841Hausleiten
14%
Braunau am InnOberösterreich404133.897Helpfau-Uttendorf
14%
GänserndorfNiederösterreich308272.785Hohenau an der March
14%
LeobenSteiermark61105986Kalwang
14%
Bruck an der LeithaNiederösterreich30733974Klein-Neusiedl
14%
Eisenstadt-UmgebungBurgenland10320516Loretto
14%
Waidhofen an der ThayaNiederösterreich32212882Ludweis-Aigen
14%
Neusiedl am SeeBurgenland107122.189Mönchhof
14%
Eisenstadt-UmgebungBurgenland103081.469Müllendorf
14%
Zell am SeeSalzburg506152.810Niedernsill
14%
OberwartBurgenland109151.000Oberdorf im Burgenland
14%
Hartberg-FürstenfeldSteiermark622333.128Pinggau
14%
LiezenSteiermark612635.118Rottenmann
14%
HalleinSalzburg502121.421Scheffau am Tennengebirge
14%
KufsteinTirol705241.585Scheffau am Wilden Kaiser
14%
MurauSteiermark614442.158Scheifling
14%
KremsNiederösterreich313551.859Schönberg am Kamp
14%
Innsbruck-LandTirol703501.084Schönberg im Stubaital
14%
VöcklabruckOberösterreich417373.491Schörfling am Attersee
14%
BregenzVorarlberg80234213Schröcken
14%
Braunau am InnOberösterreich404421.048Schwand im Innkreis
14%
VöcklabruckOberösterreich417384.649Schwanenstadt
14%
Spittal an der DrauKärnten206346.645Seeboden am Millstätter See
14%
SchwazTirol709282.208Stans
14%
NeunkirchenNiederösterreich318312.196St. Egyden am Steinfeld
14%
OberpullendorfBurgenland108211.299Steinberg-Dörfl
14%
Kirchdorf an der KremsOberösterreich40916355St. Pankraz
14%
BadenNiederösterreich306413.757Trumau
14%
MistelbachNiederösterreich31652557Unterstinkenbrunn
14%
Zell am SeeSalzburg506243.051Uttendorf
14%
Neusiedl am SeeBurgenland107231.394Winden am See
14%
NeunkirchenNiederösterreich318481.387Zöbern
14%
Innsbruck-LandTirol703022.804Aldrans
13%
MattersburgBurgenland10616806Antau
13%
MistelbachNiederösterreich316031.911Asparn an der Zaya
13%
Zell am SeeSalzburg506014.031Bramberg am Wildkogel
13%
BludenzVorarlberg80107574Bürserberg
13%
NeunkirchenNiederösterreich31807900Edlitz
13%
Salzburg-UmgebungSalzburg503083.128Elixhausen
13%
BludenzVorarlberg80109476Fontanella
13%
VöcklabruckOberösterreich417103.804Frankenmarkt
13%
SchwazTirol709094.315Fügen
13%
LeibnitzSteiermark610503.212Gamlitz
13%
LeibnitzSteiermark610122.854Gralla
13%
GmundenOberösterreich407072.048Grünau im Almtal
13%
LiezenSteiermark612151.156Grundlsee
13%
Graz-UmgebungSteiermark606193.783Hausmannstätten
13%
MattersburgBurgenland106031.061Hirm
13%
Wiener Neustadt-LandNiederösterreich323111.472Hohe Wand
13%
OberpullendorfBurgenland108051.821Horitschon
13%
Ried im InnkreisOberösterreich41211802Kirchheim im Innkreis
13%
BludenzVorarlberg80112682Klösterle
13%
JennersdorfBurgenland10511770Königsdorf
13%
Tulln an der DonauNiederösterreich321162.547Königstetten
13%
KufsteinTirol705144.891Kundl
13%
LiezenSteiermark612221.698Lassing
13%
Graz-UmgebungSteiermark606282.830Laßnitzhöhe
13%
Eisenstadt-UmgebungBurgenland103061.217Leithaprodersdorf
13%
BludenzVorarlberg801153.677Ludesch
13%
ScheibbsNiederösterreich320051.758Lunz am See
13%
BregenzVorarlberg80229550Möggers
13%
Braunau am InnOberösterreich404241.137Moosbach
13%
Wiener Neustadt-LandNiederösterreich32322512Muggendorf
13%
KufsteinTirol705173.559Münster
13%
Innsbruck-LandTirol703322.098Natters
13%
KufsteinTirol705182.881Niederndorf
13%
BadenNiederösterreich306272.989Pottenstein
13%
Bruck an der LeithaNiederösterreich30738831Rauchenwarth
13%
BregenzVorarlberg80230693Reuthe
13%
JennersdorfBurgenland105082.208Rudersdorf
13%
FeldkirchVorarlberg804172.761Satteins
13%
MurtalSteiermark620341.327Seckau
13%
BludenzVorarlberg80123859Silbertal
13%
GröbmingSteiermark612661.475Sölk
13%
Innsbruck-LandTirol703553.684Steinach am Brenner
13%
Zell am SeeSalzburg506211.546Stuhlfelden
13%
Bruck-MürzzuschlagSteiermark621481.785Tragöß-Sankt Katharein
13%
GänserndorfNiederösterreich308581.778Untersiebenbrunn
13%
LienzTirol707342.205Virgen
13%
NeunkirchenNiederösterreich31845975Willendorf
13%
Bruck an der LeithaNiederösterreich307281.245Wolfsthal
13%
GmundenOberösterreich407019.915Altmünster
12%
VöcklabruckOberösterreich417051.850Aurach am Hongar
12%
KitzbühelTirol704011.135Aurach bei Kitzbühel
12%
Bruck an der LeithaNiederösterreich307021.979Bad Deutsch-Altenburg
12%
SüdoststeiermarkSteiermark623755.303Bad Gleichenberg
12%
Spittal an der DrauKärnten206011.682Bad Kleinkirchheim
12%
MattersburgBurgenland106112.311Bad Sauerbrunn
12%
BregenzVorarlberg80205814Bildstein
12%
Neusiedl am SeeBurgenland10704645Deutsch Jahrndorf
12%
BregenzVorarlberg802101.057Doren
12%
Wels-LandOberösterreich418052.898Eberstalzell
12%
Neusiedl am SeeBurgenland10727804Edelstal
12%
BregenzVorarlberg80212422Eichenberg
12%
NeunkirchenNiederösterreich318081.978Enzenreith
12%
Neusiedl am SeeBurgenland107061.469Gattendorf
12%
MistelbachNiederösterreich316124.120Gaweinstal
12%
FeldkirchVorarlberg804073.327Göfis
12%
ScheibbsNiederösterreich320031.991Gresten
12%
ScheibbsNiederösterreich320041.480Gresten-Land
12%
MistelbachNiederösterreich316171.709Großkrut
12%
KremsNiederösterreich313151.981Hadersdorf-Kammern
12%
BregenzVorarlberg802162.094Hittisau
12%
Bruck an der LeithaNiederösterreich307121.219Höflein
12%
NeunkirchenNiederösterreich31849890Höflein an der Hohen Wand
12%
KitzbühelTirol704065.755Hopfgarten im Brixental
12%
LienzTirol70709666Hopfgarten in Defereggen
12%
BludenzVorarlberg801111.009Innerbraz
12%
LiezenSteiermark612574.142Irdning-Donnersbachtal
12%
ReutteTirol7081973Kaisers
12%
Salzburg-UmgebungSalzburg503202.678Köstendorf
12%
LiezenSteiermark612582.557Landl
12%
KremsNiederösterreich313231.406Lengenfeld
12%
FeldkirchVorarlberg804124.183Mäder
12%
TamswegSalzburg505041.609Mauterndorf
12%
NeunkirchenNiederösterreich31815609Mönichkirchen
12%
TamswegSalzburg50505489Muhr
12%
ReutteTirol7082359Namlos
12%
ImstTirol702142.380Oetz
12%
Wels-LandOberösterreich418162.950Pichl bei Wels
12%
Hartberg-FürstenfeldSteiermark622352.011Pöllauberg
12%
GänserndorfNiederösterreich308481.445Prottes
12%
Spittal an der DrauKärnten206321.705Rennweg am Katschberg
12%
FeldkirchVorarlberg804162.200Röthis
12%
HalleinSalzburg502111.801Sankt Koloman
12%
Hartberg-FürstenfeldSteiermark622451.420Sankt Lorenzen am Wechsel
12%
Bruck-MürzzuschlagSteiermark621283.784Sankt Lorenzen im Mürztal
12%
ImstTirol702181.598Sautens
12%
BregenzVorarlberg80232486Schnepfau
12%
GmündNiederösterreich309355.273Schrems
12%
Steyr-LandOberösterreich415169.722Sierning
12%
ImstTirol702192.605Silz
12%
DeutschlandsbergSteiermark603508.675Stainz
12%
VöcklabruckOberösterreich41740907Steinbach am Attersee
12%
Kirchdorf an der KremsOberösterreich40919869Steinbach am Ziehberg
12%
Kirchdorf an der KremsOberösterreich409201.971Steinbach an der Steyr
12%
Wels-LandOberösterreich418222.602Steinhaus
12%
KorneuburgNiederösterreich312291.372Stetten
12%
BludenzVorarlberg80121383St. Gerold
12%
BregenzVorarlberg802381.836Sulzberg
12%
Neusiedl am SeeBurgenland107201.191Tadten
12%
BadenNiederösterreich306371.819Teesdorf
12%
MelkNiederösterreich315511.694Texingtal
12%
Bruck-MürzzuschlagSteiermark621472.200Thörl
12%
Tulln an der DonauNiederösterreich321343.242Tulbing
12%
Graz-UmgebungSteiermark606512.093Übelbach
12%
BludenzVorarlberg801292.773Vandans
12%
Zell am SeeSalzburg50625581Viehhofen
12%
SchwazTirol709365.417Vomp
12%
VöcklabruckOberösterreich41748966Weißenkirchen im Attergau
12%
KremsNiederösterreich313511.405Weißenkirchen in der Wachau
12%
Graz-UmgebungSteiermark606561.681Wundschuh
12%
Braunau am InnOberösterreich404015.064Altheim
11%
BregenzVorarlberg802022.682Andelsbuch
11%
Salzburg-UmgebungSalzburg503023.748Anthering
11%
MelkNiederösterreich315031.915Bergland
11%
BludenzVorarlberg80102359Blons
11%
KitzbühelTirol704022.681Brixen im Thale
11%
MistelbachNiederösterreich316061.134Drasenhofen
11%
MattersburgBurgenland106011.230Draßburg
11%
OberpullendorfBurgenland108021.371Draßmarkt
11%
Bruck an der LeithaNiederösterreich307294.128Ebergassing
11%
HornNiederösterreich311053.537Eggenburg
11%
Wiener Neustadt-LandNiederösterreich323055.084Eggendorf
11%
Linz-LandOberösterreich410041.154Eggendorf im Traunkreis
11%
Tulln an der DonauNiederösterreich321062.427Fels am Wagram
11%
LandeckTirol706031.072Fiss
11%
Hartberg-FürstenfeldSteiermark622112.643Friedberg
11%
HollabrunnNiederösterreich310083.229Göllersdorf
11%
Bruck an der LeithaNiederösterreich307081.480Göttlesbrunn-Arbesthal
11%
HollabrunnNiederösterreich310141.176Guntersdorf
11%
LilienfeldNiederösterreich314033.830Hainfeld
11%
MistelbachNiederösterreich31621948Herrnbaumgarten
11%
BregenzVorarlberg802191.409Hohenweiler
11%
St. Johann im PongauSalzburg50413903Hüttschlag
11%
VöcklabruckOberösterreich417121.262Innerschwand am Mondsee
11%
ImstTirol70205931Jerzens
11%
LandeckTirol706092.545Kappl
11%
Wiener Neustadt-LandNiederösterreich323133.213Katzelsdorf
11%
Salzburg-UmgebungSalzburg503213.679Koppl
11%
Salzburg-UmgebungSalzburg503224.078Lamprechtshausen
11%
BregenzVorarlberg802231.162Langenegg
11%
FeldkirchVorarlberg80411709Laterns
11%
Innsbruck-LandTirol703262.507Leutasch
11%
FreistadtOberösterreich406111.608Liebenau
11%
MattersburgBurgenland106041.205Loipersbach im Burgenland
11%
Spittal an der DrauKärnten20618766Mallnitz
11%
TamswegSalzburg505032.475Mariapfarr
11%
FeldkirchVorarlberg804132.424Meiningen
11%
Innsbruck-LandTirol703281.993Mieders
11%
VoitsbergSteiermark616152.194Mooskirchen
11%
Spittal an der DrauKärnten206241.012Mühldorf
11%
KremsNiederösterreich313301.266Mühldorf
11%
Linz-LandOberösterreich410146.872Neuhofen an der Krems
11%
AmstettenNiederösterreich305203.065Neuhofen an der Ybbs
11%
Ried im InnkreisOberösterreich412182.512Neuhofen im Innkreis
11%
Villach-LandKärnten207192.332Nötsch im Gailtal
11%
Innsbruck-LandTirol70336400Obernberg am Brenner
11%
Ried im InnkreisOberösterreich412191.703Obernberg am Inn
11%
OberwartBurgenland109162.471Oberschützen
11%
GänserndorfNiederösterreich308421.764Obersiebenbrunn
11%
Linz-LandOberösterreich410177.650Pasching
11%
HollabrunnNiederösterreich310351.505Pulkau
11%
Graz-UmgebungSteiermark606674.948Raaba-Grambach
11%
KorneuburgNiederösterreich312241.386Rußbach
11%
HalleinSalzburg50210783Rußbach am Paß Gschütt
11%
Graz-UmgebungSteiermark606422.162Sankt Radegund bei Graz
11%
FeldkirchVorarlberg804182.568Schlins
11%
FeldkirchVorarlberg80419789Schnifis
11%
ZwettlNiederösterreich325241.495Schwarzenau
11%
BregenzVorarlberg80237458Sibratsgfäll
11%
WeizSteiermark617484.487Sinabelkirchen
11%
Innsbruck-LandTirol703532.285Sistrans
11%
MurauSteiermark614451.643Stadl-Predlitz
11%
Eisenstadt-UmgebungBurgenland10321832Stotzing
11%
Braunau am InnOberösterreich40439657St. Radegund
11%
VöcklabruckOberösterreich417436.010Timelkam
11%
FeldkirchVorarlberg80421635Übersaxen
11%
MurtalSteiermark620361.272Unzmarkt-Frauenburg
11%
Wiener Neustadt-LandNiederösterreich323322.031Waldegg
11%
FeldkirchVorarlberg804232.304Weiler
11%
Zell am SeeSalzburg50627405Weißbach bei Lofer
11%
Spittal an der DrauKärnten20639769Weißensee
11%
Braunau am InnOberösterreich404461.446Weng im Innkreis
11%
OberpullendorfBurgenland108231.894Weppersdorf
11%
St. Pölten-LandNiederösterreich319476.461Wilhelmsburg
11%
TamswegSalzburg505151.182Zederhaus
11%
Wiener Neustadt-LandNiederösterreich323382.167Zillingdorf
11%
FeldkirchVorarlberg804243.375Zwischenwasser
11%
HalleinSalzburg502023.680Adnet
10%
Bruck-MürzzuschlagSteiermark621382.431Aflenz
10%
Urfahr-UmgebungOberösterreich416024.740Altenberg bei Linz
10%
St. Veit an der GlanKärnten205014.826Althofen
10%
ImstTirol702013.143Arzl im Pitztal
10%
Urfahr-UmgebungOberösterreich416034.404Bad Leonfelden
10%
GrieskirchenOberösterreich408024.461Bad Schallerbach
10%
BludenzVorarlberg801012.386Bartholomäberg
10%
WeizSteiermark617574.984Birkfeld
10%
Salzburg-UmgebungSalzburg503055.027Bürmoos
10%
HermagorKärnten203021.195Dellach
10%
Spittal an der DrauKärnten206041.576Dellach im Drautal
10%
FeldkirchVorarlberg80402432Düns
10%
Salzburg-UmgebungSalzburg503071.434Ebenau
10%
GänserndorfNiederösterreich308131.341Eckartsau
10%
JennersdorfBurgenland10502922Eltendorf
10%
SüdoststeiermarkSteiermark623787.245Fehring
10%
FeldkirchVorarlberg80406726Fraxern
10%
Urfahr-UmgebungOberösterreich416076.643Gallneukirchen
10%
KremsNiederösterreich313113.792Gföhl
10%
PergOberösterreich411052.934Grein
10%
FreistadtOberösterreich406021.872Grünbach
10%
NeunkirchenNiederösterreich318131.610Grünbach am Schneeberg
10%
ImstTirol702024.885Haiming
10%
Bruck an der LeithaNiederösterreich307111.995Haslau-Maria Ellend
10%
BadenNiederösterreich306152.607Hirtenberg
10%
KitzbühelTirol704051.296Hochfilzen
10%
St. Johann im PongauSalzburg504121.490Hüttau
10%
LandeckTirol70611635Kaunertal
10%
FeldkirchVorarlberg804104.857Koblach
10%
LandeckTirol70613545Ladis
10%
Wels-LandOberösterreich418113.888Lambach
10%
LienzTirol70714343Lavant
10%
LeibnitzSteiermark610543.543Leutschach an der Weinstraße
10%
BregenzVorarlberg802251.578Lingenau
10%
OberpullendorfBurgenland108092.068Lockenhaus
10%
WeizSteiermark617272.543Ludersdorf-Wilfersdorf
10%
Klagenfurt-LandKärnten204191.626Maria Wörth
10%
Wiener Neustadt-LandNiederösterreich323193.145Markt Piesting
10%
Salzburg-UmgebungSalzburg503233.499Mattsee
10%
BadenNiederösterreich306213.083Mitterndorf an der Fischa
10%
JennersdorfBurgenland105061.171Mogersdorf
10%
Bruck an der LeithaNiederösterreich307371.809Moosbrunn
10%
GröbmingSteiermark612621.966Öblarn
10%
GmundenOberösterreich407135.408Ohlsdorf
10%
Innsbruck-LandTirol703381.136Patsch
10%
Zell am SeeSalzburg506163.851Piesendorf
10%
St. Pölten-LandNiederösterreich319321.675Prinzersdorf
10%
BludenzVorarlberg80118898Raggal
10%
Bruck an der LeithaNiederösterreich307211.667Rohrau
10%
FeldkirchVorarlberg80415376Röns
10%
Graz-UmgebungSteiermark606391.489Sankt Bartholomä
10%
WeizSteiermark617451.062Sankt Kathrein am Offenegg
10%
Innsbruck-LandTirol703481.440Scharnitz
10%
NeunkirchenNiederösterreich318321.952Scheiblingkirchen-Thernberg
10%
Wels-LandOberösterreich418205.083Stadl-Paura
10%
SchärdingOberösterreich414171.576St. Aegidi
10%
BludenzVorarlberg80125285Stallehr
10%
Eisenstadt-UmgebungBurgenland103163.069Steinbrunn
10%
WeizSteiermark61744627St. Kathrein am Hauenstein
10%
OberpullendorfBurgenland108221.350Stoob
10%
Braunau am InnOberösterreich404373.231St. Pantaleon
10%
Salzburg-UmgebungSalzburg503363.691Strobl
10%
SchwazTirol709332.292Terfens
10%
Wels-LandOberösterreich418235.530Thalheim bei Wels
10%
Kirchdorf an der KremsOberösterreich40921840Vorderstoder
10%
Wiener Neustadt-LandNiederösterreich323341.096Weikersdorf am Steinfelde
10%
Wels-LandOberösterreich418243.547Weißkirchen an der Traun
10%
MurtalSteiermark620484.825Weißkirchen in Steiermark
10%
Steyr-LandOberösterreich415224.040Weyer
10%
LiezenSteiermark61251437Wildalpen
10%
Eisenstadt-UmgebungBurgenland103181.734Wimpassing an der Leitha
10%
NeunkirchenNiederösterreich318461.624Wimpassing im Schwarzatale
10%
GänserndorfNiederösterreich308635.475Zistersdorf
10%
Linz-LandOberösterreich410011.236Allhaming
9%
Villach-LandKärnten207052.203Bad Bleiberg
9%
ZwettlNiederösterreich32528995Bad Traunstein
9%
ReutteTirol70803660Biberwier
9%
Hartberg-FürstenfeldSteiermark622061.083Burgau
9%
FeldkirchVorarlberg80403154Dünserberg
9%
KufsteinTirol705085.874Ebbs
9%
KorneuburgNiederösterreich312033.303Ernstbrunn
9%
Klagenfurt-LandKärnten204057.340Ferlach
9%
St. Veit an der GlanKärnten205054.901Friesach
9%
Steyr-LandOberösterreich415066.690Garsten
9%
VölkermarktKärnten208083.417Griffen
9%
Salzburg-UmgebungSalzburg503164.235Hallwang
9%
HollabrunnNiederösterreich310161.313Hardegg
9%
Salzburg-UmgebungSalzburg50318470Hintersee
9%
Bruck an der LeithaNiederösterreich30715650Hundsheim
9%
St. Pölten-LandNiederösterreich319131.701Inzersdorf-Getzersdorf
9%
Innsbruck-LandTirol703194.018Inzing
9%
OberpullendorfBurgenland10806599Kaisersdorf
9%
Graz-UmgebungSteiermark606248.308Kalsdorf bei Graz
9%
PergOberösterreich41107965Klam
9%
Eisenstadt-UmgebungBurgenland103051.280Klingenbach
9%
Klagenfurt-LandKärnten204143.136Köttmannsdorf
9%
KremsNiederösterreich31321749Krumau am Kamp
9%
WolfsbergKärnten209092.829Lavamünd
9%
KorneuburgNiederösterreich312151.178Leitzersdorf
9%
ReutteTirol708211.146Lermoos
9%
Graz-UmgebungSteiermark606295.504Lieboch
9%
GmündNiederösterreich309252.139Litschau
9%
BludenzVorarlberg80114296Lorüns
9%
HollabrunnNiederösterreich310261.944Maissau
9%
OberwartBurgenland109121.907Markt Allhau
9%
Wiener Neustadt-LandNiederösterreich323202.125Matzendorf-Hölles
9%
GrieskirchenOberösterreich408141.566Meggenhofen
9%
St. Veit an der GlanKärnten20519980Micheldorf
9%
Kirchdorf an der KremsOberösterreich409086.012Micheldorf in Oberösterreich
9%
ImstTirol702093.954Mieming
9%
JennersdorfBurgenland105051.041Minihof-Liebau
9%
Braunau am InnOberösterreich404251.771Moosdorf
9%
LienzTirol70721672Obertilliach
9%
GmundenOberösterreich40712735Obertraun
9%
BadenNiederösterreich306235.013Oberwaltersdorf
9%
MattersburgBurgenland106093.096Pöttsching
9%
LienzTirol707231.134Prägraten am Großvenediger
9%
FreistadtOberösterreich406145.571Pregarten
9%
BregenzVorarlberg802311.068Riefensberg
9%
WeizSteiermark617655.673Sankt Ruprecht an der Raab
9%
Salzburg-UmgebungSalzburg503322.004Seeham
9%
Innsbruck-LandTirol703521.336Sellrain
9%
Tulln an der DonauNiederösterreich321317.883Sieghartskirchen
9%
KremsNiederösterreich313441.564Spitz
9%
VoitsbergSteiermark616243.193Stallhofen
9%
LandeckTirol70626576Stanz bei Landeck
9%
Bruck-MürzzuschlagSteiermark621321.807Stanz im Mürztal
9%
Graz-UmgebungSteiermark606463.019Stattegg
9%
HornNiederösterreich311231.276St. Bernhard-Frauenhofen
9%
FeldkirchenKärnten210093.852Steindorf am Ossiacher See
9%
Ried im InnkreisOberösterreich41227903St. Marienkirchen am Hausruck
9%
EferdingOberösterreich405102.349St. Marienkirchen an der Polsenz
9%
SchärdingOberösterreich414192.001St. Marienkirchen bei Schärding
9%
LienzTirol70729800Strassen
9%
MurauSteiermark614461.829Teufenbach-Katsch
9%
Eisenstadt-UmgebungBurgenland103172.139Trausdorf an der Wulka
9%
FeldkirchVorarlberg80422432Viktorsberg
9%
St. Pölten-LandNiederösterreich319541.789Wolfsgraben
9%
HollabrunnNiederösterreich310512.446Wullersdorf
9%
GröbmingSteiermark612541.306Aich
8%
LienzTirol70702919Ainet
8%
HollabrunnNiederösterreich31001724Alberndorf im Pulkautal
8%
Urfahr-UmgebungOberösterreich416014.219Alberndorf in der Riedmark
8%
EferdingOberösterreich405022.269Aschach an der Donau
8%
Steyr-LandOberösterreich415022.265Aschach an der Steyr
8%
AmstettenNiederösterreich305043.810Aschbach-Markt
8%
LienzTirol707051.757Assling
8%
KufsteinTirol705032.970Bad Häring
8%
GänserndorfNiederösterreich308051.789Bad Pirawarth
8%
HalleinSalzburg502132.149Bad Vigaun
8%
NeunkirchenNiederösterreich318041.566Breitenau
8%
Bruck-MürzzuschlagSteiermark621051.597Breitenau am Hochlantsch
8%
KufsteinTirol705063.059Brixlegg
8%
LienzTirol707072.311Dölsach
8%
Salzburg-UmgebungSalzburg503061.621Dorfbeuern
8%
Hartberg-FürstenfeldSteiermark622091.282Ebersdorf
8%
DeutschlandsbergSteiermark603456.309Eibiswald
8%
St. Pölten-LandNiederösterreich319054.803Eichgraben
8%
AmstettenNiederösterreich305083.238Ennsdorf
8%
KorneuburgNiederösterreich312021.835Enzersfeld im Weinviertel
8%
Salzburg-UmgebungSalzburg503113.100Faistenau
8%
MurtalSteiermark620077.566Fohnsdorf
8%
St. Johann im PongauSalzburg50409554Forstau
8%
VöcklabruckOberösterreich417095.202Frankenburg am Hausruck
8%
GänserndorfNiederösterreich30819350Glinzendorf
8%
SüdoststeiermarkSteiermark623805.980Gnas
8%
Steyr-LandOberösterreich415072.654Großraming
8%
Ried im InnkreisOberösterreich412081.210Gurten
8%
HollabrunnNiederösterreich310151.755Hadres
8%
GmündNiederösterreich309163.811Heidenreichstein
8%
Zell am SeeSalzburg506051.234Hollersbach im Pinzgau
8%
Kirchdorf an der KremsOberösterreich409041.918Inzersdorf im Kremstal
8%
LeobenSteiermark611061.677Kammern im Liesingtal
8%
BregenzVorarlberg802201.842Kennelbach
8%
Klagenfurt-LandKärnten204122.440Keutschach am See
8%
GmundenOberösterreich407102.235Kirchham
8%
LilienfeldNiederösterreich31406880Kleinzell
8%
RohrbachOberösterreich413161.720Kleinzell im Mühlkreis
8%
KufsteinTirol705125.041Kramsach
8%
GänserndorfNiederösterreich30834339Mannsdorf an der Donau
8%
St. Pölten-LandNiederösterreich319213.290Maria Anzbach
8%
Kirchdorf an der KremsOberösterreich409093.696Molln
8%
Klagenfurt-LandKärnten204214.550Moosburg
8%
SüdoststeiermarkSteiermark623833.494Mureck
8%
PergOberösterreich411143.837Naarn im Machlande
8%
LienzTirol70718879Nikolsdorf
8%
Spittal an der DrauKärnten206251.203Oberdrauburg
8%
Salzburg-UmgebungSalzburg503274.958Obertrum am See
8%
Spittal an der DrauKärnten206272.206Obervellach
8%
HornNiederösterreich31117679Pernegg
8%
Bruck-MürzzuschlagSteiermark621252.548Pernegg an der Mur
8%
Braunau am InnOberösterreich404321.753Pischelsdorf am Engelbach
8%
WeizSteiermark617643.749Pischelsdorf am Kulm
8%
NeunkirchenNiederösterreich318232.888Pitten
8%
Neusiedl am SeeBurgenland10726652Potzneusiedl
8%
MistelbachNiederösterreich316451.078Rabensburg
8%
KufsteinTirol70521459Rattenberg
8%
HornNiederösterreich31121884Rosenburg-Mold
8%
LeibnitzSteiermark610332.310Sankt Nikolai im Sausal
8%
PergOberösterreich411231.686Saxen
8%
Wiener Neustadt-LandNiederösterreich32326927Schwarzenbach
8%
St. Pölten-LandNiederösterreich31939354Schwarzenbach an der Pielach
8%
LiezenSteiermark612672.773Stainach-Pürgg
8%
SchwazTirol70929292Steinberg am Rofan
8%
VölkermarktKärnten208134.578St. Kanzian am Klopeiner See
8%
Hartberg-FürstenfeldSteiermark622562.244Stubenberg
8%
FeldkirchenKärnten210081.559St. Urban
8%
Innsbruck-LandTirol703584.300Thaur
8%
GüssingBurgenland104171.388Tobaj
8%
TamswegSalzburg50512239Tweng
8%
LienzTirol70733211Untertilliach
8%
GänserndorfNiederösterreich30859781Velm-Götzendorf
8%
Hartberg-FürstenfeldSteiermark622784.660Vorau
8%
Ried im InnkreisOberösterreich412342.300Waldzell
8%
GmündNiederösterreich309422.601Weitra
8%
KitzbühelTirol704203.671Westendorf
8%
MistelbachNiederösterreich316542.084Wilfersdorf
8%
Kirchdorf an der KremsOberösterreich409232.379Windischgarsten
8%
OberwartBurgenland109281.516Wolfau
8%
Tulln an der DonauNiederösterreich321402.245Zeiselmauer-Wolfpassing
8%
Eisenstadt-UmgebungBurgenland103221.005Zillingtal
8%
LienzTirol70701646Abfaltersbach
7%
NeunkirchenNiederösterreich31801363Altendorf
7%
VöcklabruckOberösterreich417013.367Ampflwang im Hausruckwald
7%
SchärdingOberösterreich414025.176Andorf
7%
GänserndorfNiederösterreich308033.465Angern an der March
7%
LiezenSteiermark612061.283Ardning
7%
Ried im InnkreisOberösterreich412033.201Aurolzmünster
7%
Innsbruck-LandTirol703051.290Baumkirchen
7%
GüssingBurgenland10426338Bildein
7%
Graz-UmgebungSteiermark606603.783Dobl-Zwaring
7%
KremsNiederösterreich313561.016Droß
7%
Klagenfurt-LandKärnten204028.140Ebenthal in Kärnten
7%
WeizSteiermark617081.511Fischbach
7%
LandeckTirol706051.045Flirsch
7%
WolfsbergKärnten209052.472Frantschach-St. Gertraud
7%
Steyr-LandOberösterreich415051.977Gaflenz
7%
Salzburg-UmgebungSalzburg50313761Göming
7%
Klagenfurt-LandKärnten204093.069Grafenstein
7%
ReutteTirol70811621Grän
7%
NeunkirchenNiederösterreich318121.318Grimmenstein
7%
MistelbachNiederösterreich316142.313Großebersdorf
7%
Wels-LandOberösterreich418086.532Gunskirchen
7%
MistelbachNiederösterreich316221.106Hochleithen
7%
GrieskirchenOberösterreich408111.728Hofkirchen an der Trattnach
7%
RohrbachOberösterreich413121.549Hofkirchen im Mühlkreis
7%
Linz-LandOberösterreich410082.071Hofkirchen im Traunkreis
7%
MurtalSteiermark62010382Hohentauern
7%
AmstettenNiederösterreich305161.692Hollenstein an der Ybbs
7%
ImstTirol70204823Imsterberg
7%
Hartberg-FürstenfeldSteiermark622723.022Kaindorf
7%
LienzTirol70713755Kartitsch
7%
MelkNiederösterreich315142.586Kilb
7%
HalleinSalzburg50206873Krispl
7%
Klagenfurt-LandKärnten204153.488Krumpendorf am Wörthersee
7%
Innsbruck-LandTirol703251.167Lans
7%
Wiener Neustadt-LandNiederösterreich323164.277Lanzenkirchen
7%
GänserndorfNiederösterreich308302.990Lassee
7%
HermagorKärnten203211.264Lesachtal
7%
RohrbachOberösterreich41319482Lichtenau im Mühlkreis
7%
KremsNiederösterreich313242.056Lichtenau im Waldviertel
7%
Braunau am InnOberösterreich404201.462Maria Schmolln
7%
KufsteinTirol70516452Mariastein
7%
Braunau am InnOberösterreich404222.726Mauerkirchen
7%
Wiener Neustadt-LandNiederösterreich32321647Miesenbach
7%
WeizSteiermark61728661Miesenbach bei Birkfeld
7%
WeizSteiermark617292.156Mitterdorf an der Raab
7%
ImstTirol702111.361Mötz
7%
Tulln an der DonauNiederösterreich321431.710Muckendorf-Wipfing
7%
PergOberösterreich411131.871Münzbach
7%
SchärdingOberösterreich414132.557Münzkirchen
7%
OberpullendorfBurgenland108131.660Neckenmarkt
7%
KorneuburgNiederösterreich312341.510Niederhollabrunn
7%
LeobenSteiermark611102.331Niklasdorf
7%
VöcklabruckOberösterreich417191.733Oberhofen am Irrsee
7%
Innsbruck-LandTirol703351.890Oberhofen im Inntal
7%
LienzTirol707201.477Oberlienz
7%
VöcklabruckOberösterreich417211.774Oberwang
7%
Braunau am InnOberösterreich404283.425Ostermiething
7%
GänserndorfNiederösterreich30846174Parbasdorf
7%
GrieskirchenOberösterreich408354.697Peuerbach
7%
Innsbruck-LandTirol703401.285Pfaffenhofen
7%
LandeckTirol706172.605Pfunds
7%
Braunau am InnOberösterreich404331.002Polling im Innkreis
7%
Innsbruck-LandTirol703421.367Polling in Tirol
7%
GrieskirchenOberösterreich408221.775Pram
7%
Graz-UmgebungSteiermark606706.862Premstätten
7%
Waidhofen an der ThayaNiederösterreich322162.656Raabs an der Thaya
7%
NeunkirchenNiederösterreich31827325Raach am Hochgebirge
7%
TamswegSalzburg505061.040Ramingstein
7%
Steyr-LandOberösterreich415121.689Reichraming
7%
KremsNiederösterreich313372.100Rohrendorf bei Krems
7%
Kirchdorf an der KremsOberösterreich40914640Rosenau am Hengstpaß
7%
FreistadtOberösterreich406161.384Sandl
7%
Bruck an der LeithaNiederösterreich307242.250Sommerein
7%
MistelbachNiederösterreich316491.919Staatz
7%
GrieskirchenOberösterreich408242.153St. Agatha
7%
Spittal an der DrauKärnten206372.009Steinfeld
7%
St. Veit an der GlanKärnten205301.986Straßburg
7%
SchärdingOberösterreich414201.784St. Roman
7%
SchärdingOberösterreich414211.102St. Willibald
7%
BadenNiederösterreich306361.409Tattendorf
7%
SchärdingOberösterreich414262.920Taufkirchen an der Pram
7%
GrieskirchenOberösterreich408291.958Taufkirchen an der Trattnach
7%
Innsbruck-LandTirol703561.616Telfes im Stubai
7%
TamswegSalzburg50511356Thomatal
7%
GmundenOberösterreich407181.706Traunkirchen
7%
Bruck an der LeithaNiederösterreich307262.955Trautmannsdorf an der Leitha
7%
LienzTirol707321.526Tristach
7%
LilienfeldNiederösterreich314141.882Türnitz
7%
AmstettenNiederösterreich305361.370Viehdorf
7%
KitzbühelTirol704192.071Waidring
7%
KufsteinTirol705292.149Walchsee
7%
Urfahr-UmgebungOberösterreich416264.343Walding
7%
Kirchdorf an der KremsOberösterreich409222.957Wartberg an der Krems
7%
FreistadtOberösterreich406244.452Wartberg ob der Aist
7%
JennersdorfBurgenland10510714Weichselbaum
7%
KremsNiederösterreich313501.210Weinzierl am Walde
7%
TamswegSalzburg50514307Weißpriach
7%
KufsteinTirol705304.342Wildschönau
7%
ScheibbsNiederösterreich320181.732Wolfpassing
7%
Eisenstadt-UmgebungBurgenland103231.147Zagersdorf
7%
HollabrunnNiederösterreich310533.388Ziersdorf
7%
Villach-LandKärnten207011.450Afritz am See
6%
LienzTirol70703519Amlach
6%
LienzTirol707041.225Anras
6%
SchwazTirol709021.878Aschau im Zillertal
6%
Braunau am InnOberösterreich404022.632Aspach
6%
GänserndorfNiederösterreich308041.977Auersthal
6%
NeunkirchenNiederösterreich31805298Breitenstein
6%
Braunau am InnOberösterreich404052.780Burgkirchen
6%
St. Veit an der GlanKärnten20503851Deutsch-Griffen
6%
JennersdorfBurgenland105011.743Deutsch Kaltenbrunn
6%
OberwartBurgenland109031.071Deutsch Schützen-Eisenberg
6%
Waidhofen an der ThayaNiederösterreich322021.038Dietmanns
6%
HornNiederösterreich311041.206Drosendorf-Zissersdorf
6%
GänserndorfNiederösterreich30812931Ebenthal
6%
Ried im InnkreisOberösterreich412043.475Eberschwang
6%
VoitsbergSteiermark616271.634Edelschrott
6%
ReutteTirol708072.606Ehrwald
6%
BadenNiederösterreich306084.226Enzesfeld-Lindabrunn
6%
Graz-UmgebungSteiermark606624.926Fernitz-Mellach
6%
SchwazTirol709081.438Finkenberg
6%
Villach-LandKärnten207119.620Finkenstein am Faaker See
6%
DeutschlandsbergSteiermark603053.135Frauental an der Laßnitz
6%
GrieskirchenOberösterreich408052.839Gallspach
6%
Ried im InnkreisOberösterreich412071.454Geinberg
6%
TamswegSalzburg50501345Göriach
6%
Bruck an der LeithaNiederösterreich307092.234Götzendorf an der Leitha
6%
Innsbruck-LandTirol703124.143Götzens
6%
Hartberg-FürstenfeldSteiermark622683.235Grafendorf bei Hartberg
6%
ReutteTirol7081240Gramais
6%
Innsbruck-LandTirol703151.471Grinzens
6%
Spittal an der DrauKärnten206051.321Großkirchheim
6%
OberwartBurgenland109053.612Großpetersdorf
6%
Waidhofen an der ThayaNiederösterreich322072.693Groß-Siegharts
6%
OberpullendorfBurgenland108041.364Großwarasdorf
6%
Kirchdorf an der KremsOberösterreich409023.883Grünburg
6%
Innsbruck-LandTirol70317452Gschnitz
6%
Wiener Neustadt-LandNiederösterreich323081.272Gutenstein
6%
FreistadtOberösterreich406042.913Hagenberg im Mühlkreis
6%
RohrbachOberösterreich413092.600Haslach an der Mühl
6%
GüssingBurgenland10407741Heiligenbrunn
6%
Salzburg-UmgebungSalzburg503175.078Henndorf am Wallersee
6%
VoitsbergSteiermark616291.006Hirschegg-Pack
6%
LilienfeldNiederösterreich314041.439Hohenberg
6%
Ried im InnkreisOberösterreich412092.326Hohenzell
6%
HornNiederösterreich311101.432Irnfritz-Messern
6%
KitzbühelTirol704081.516Jochberg
6%
GrieskirchenOberösterreich408122.483Kallham
6%
St. Veit an der GlanKärnten205121.964Kappel am Krappfeld
6%
LandeckTirol70610453Kaunerberg
6%
LandeckTirol70612535Kauns
6%
St. Pölten-LandNiederösterreich319192.272Kirchstetten
6%
PergOberösterreich411092.590Langenstein
6%
DeutschlandsbergSteiermark603183.649Lannach
6%
LienzTirol70715708Leisach
6%
Braunau am InnOberösterreich404185.080Lengau
6%
VöcklabruckOberösterreich417135.226Lenzing
6%
Urfahr-UmgebungOberösterreich416142.855Lichtenberg
6%
Wiener Neustadt-LandNiederösterreich323182.893Lichtenwörth
6%
VoitsbergSteiermark616123.245Ligist
6%
St. Pölten-LandNiederösterreich31920557Loich
6%
KremsNiederösterreich31326910Maria Laach am Jauerling
6%
Klagenfurt-LandKärnten204172.683Maria Rain
6%
Klagenfurt-LandKärnten204184.011Maria Saal
6%
MelkNiederösterreich31523960Maria Taferl
6%
MattersburgBurgenland106052.080Marz
6%
St. Veit an der GlanKärnten205181.868Metnitz
6%
GröbmingSteiermark612601.227Michaelerberg-Pruggern
6%
Braunau am InnOberösterreich404231.299Mining
6%
GmündNiederösterreich30913710Moorbad Harbach
6%
AmstettenNiederösterreich305212.177Neustadtl an der Donau
6%
MurtalSteiermark620423.781Obdach
6%
HalleinSalzburg502084.381Oberalm
6%
St. Pölten-LandNiederösterreich319294.772Ober-Grafendorf
6%
Innsbruck-LandTirol703373.085Oberperfuss
6%
AmstettenNiederösterreich30524890Opponitz
6%
Urfahr-UmgebungOberösterreich416174.771Ottensheim
6%
HollabrunnNiederösterreich310331.080Pernersdorf
6%
Steyr-LandOberösterreich415112.356Pfarrkirchen bei Bad Hall
6%
RohrbachOberösterreich413271.416Pfarrkirchen im Mühlkreis
6%
MistelbachNiederösterreich316421.257Pillichsdorf
6%
MurtalSteiermark620432.868Pöls-Oberkurzheim
6%
GrieskirchenOberösterreich40820566Pötting
6%
Urfahr-UmgebungOberösterreich416184.652Puchenau
6%
Linz-LandOberösterreich410194.196Pucking
6%
St. Pölten-LandNiederösterreich319343.653Pyhra
6%
Spittal an der DrauKärnten206305.777Radenthein
6%
SchärdingOberösterreich414151.549Rainbach im Innkreis
6%
FreistadtOberösterreich406153.055Rainbach im Mühlkreis
6%
Urfahr-UmgebungOberösterreich416201.516Reichenthal
6%
WeizSteiermark61743689Rettenegg
6%
SchärdingOberösterreich414162.045Riedau
6%
ImstTirol702152.497Rietz
6%
ImstTirol702161.907Roppen
6%
VoitsbergSteiermark616181.666Rosental an der Kainach
6%
Spittal an der DrauKärnten206331.366Sachsenburg
6%
GmundenOberösterreich407194.955Scharnstein
6%
LandeckTirol706221.753Schönwies
6%
PergOberösterreich411245.422Schwertberg
6%
LandeckTirol70625103Spiss
6%
ReutteTirol70831661Steeg
6%
Urfahr-UmgebungOberösterreich416211.318St. Gotthard im Mühlkreis
6%
Innsbruck-LandTirol70347187St. Sigmund im Sellrain
6%
Ried im InnkreisOberösterreich412312.411Taiskirchen im Innkreis
6%
ReutteTirol708321.163Tannheim
6%
NeunkirchenNiederösterreich318401.241Thomasberg
6%
Villach-LandKärnten207244.619Treffen am Ossiacher See
6%
Innsbruck-LandTirol703601.696Tulfes
6%
Bruck-MürzzuschlagSteiermark621351.556Turnau
6%
Innsbruck-LandTirol70361238Unterperfuss
6%
Waidhofen an der ThayaNiederösterreich322192.714Vitis
6%
LeibnitzSteiermark610456.475Wagna
6%
Hartberg-FürstenfeldSteiermark622791.406Waldbach-Mönichwald
6%
SchärdingOberösterreich414281.156Waldkirchen am Wesen
6%
Waidhofen an der ThayaNiederösterreich32222481Waldkirchen an der Thaya
6%
St. Pölten-LandNiederösterreich319451.380Weinburg
6%
Villach-LandKärnten207262.946Weißenstein
6%
MelkNiederösterreich315461.092Weiten
6%
Graz-UmgebungSteiermark606552.768Werndorf
6%
OberwartBurgenland109271.187Wiesfleck
6%
Innsbruck-LandTirol70368996Wildermieming
6%
Linz-LandOberösterreich410226.044Wilhering
6%
FreistadtOberösterreich406261.609Windhaag bei Freistadt
6%
PergOberösterreich411261.522Windhaag bei Perg
6%
Spittal an der DrauKärnten206401.202Winklern
6%
LiezenSteiermark612521.174Wörschach
6%
KremsNiederösterreich31301622Aggsbach
5%
EferdingOberösterreich405016.188Alkoven
5%
LeibnitzSteiermark61002974Arnfels
5%
GmündNiederösterreich309101.316Bad Großpertholz
5%
DeutschlandsbergSteiermark603494.472Bad Schwanberg
5%
ZwettlNiederösterreich32503346Bärnkopf
5%
ReutteTirol70802630Berwang
5%
Innsbruck-LandTirol703061.510Birgitz
5%
MelkNiederösterreich315052.780Blindenmarkt
5%
KufsteinTirol705041.564Brandenberg
5%
St. Veit an der GlanKärnten205022.735Brückl
5%
SüdoststeiermarkSteiermark623771.789Deutsch Goritz
5%
Steyr-LandOberösterreich415043.410Dietach
5%
VölkermarktKärnten20802791Diex
5%
GüssingBurgenland10403917Eberau
5%
VölkermarktKärnten208035.914Eberndorf
5%
Graz-UmgebungSteiermark606617.193Eggersdorf bei Graz
5%
Urfahr-UmgebungOberösterreich416059.092Engerwitzdorf
5%
AmstettenNiederösterreich305092.313Ernsthofen
5%
MistelbachNiederösterreich31608551Falkenstein
5%
WeizSteiermark617581.803Fladnitz an der Teichalm
5%
Spittal an der DrauKärnten206071.157Flattach
5%
Innsbruck-LandTirol703081.304Flaurling
5%
St. Pölten-LandNiederösterreich319061.913Frankenfels
5%
Innsbruck-LandTirol703092.186Fritzens
5%
WeizSteiermark61711861Gasen
5%
FeldkirchenKärnten210031.778Glanegg
5%
LeibnitzSteiermark610512.806Gleinstätten
5%
ZwettlNiederösterreich325051.779Göpfritz an der Wild
5%
Spittal an der DrauKärnten206091.737Greifenburg
5%
KorneuburgNiederösterreich312052.240Großrußbach
5%
BadenNiederösterreich306121.747Günselsdorf
5%
FreistadtOberösterreich406032.789Gutau
5%
WeizSteiermark617611.636Gutenberg
5%
Urfahr-UmgebungOberösterreich41610939Haibach im Mühlkreis
5%
EferdingOberösterreich405051.284Haibach ob der Donau
5%
AmstettenNiederösterreich305153.726Haidershofen
5%
Hartberg-FürstenfeldSteiermark622702.123Hartl
5%
Innsbruck-LandTirol703181.509Hatting
5%
GänserndorfNiederösterreich308261.295Hauskirchen
5%
LienzTirol707351.008Heinfels
5%
ReutteTirol70814539Heiterwang
5%
FeldkirchenKärnten210052.319Himmelberg
5%
Graz-UmgebungSteiermark606657.336Hitzendorf
5%
Braunau am InnOberösterreich404151.494Höhnhart
5%
MelkNiederösterreich315131.980Hürm
5%
LienzTirol70711609Iselsberg-Stronach
5%
KitzbühelTirol704071.183Itter
5%
OberwartBurgenland10930732Jabing
5%
GänserndorfNiederösterreich308291.112Jedenspeigen
5%
SchwazTirol709181.315Kaltenbach
5%
ImstTirol70206644Karres
5%
ImstTirol70207706Karrösten
5%
St. Pölten-LandNiederösterreich319171.436Kasten bei Böheimkirchen
5%
FreistadtOberösterreich406072.180Kefermarkt
5%
OberwartBurgenland109071.549Kemeten
5%
MurtalSteiermark620141.970Kobenz
5%
OberwartBurgenland109081.437Kohfidisch
5%
RohrbachOberösterreich413171.539Kollerschlag
5%
Innsbruck-LandTirol703221.659Kolsass
5%
Innsbruck-LandTirol70323843Kolsassberg
5%
FreistadtOberösterreich406083.107Königswiesen
5%
SchärdingOberösterreich414111.973Kopfing im Innkreis
5%
KitzbühelTirol704124.529Kössen
5%
MistelbachNiederösterreich316271.488Kreuttal
5%
Linz-LandOberösterreich410113.571Kronstorf
5%
OberpullendorfBurgenland108081.160Lackenbach
5%
KufsteinTirol705154.241Langkampfen
5%
MelkNiederösterreich315191.341Leiben
5%
Spittal an der DrauKärnten206161.753Lendorf
5%
Braunau am InnOberösterreich404192.968Lochen am See
5%
Steyr-LandOberösterreich415091.644Losenstein
5%
PergOberösterreich411104.325Luftenberg an der Donau
5%
OberwartBurgenland109111.155Mariasdorf
5%
Ried im InnkreisOberösterreich412142.379Mehrnbach
5%
Ried im InnkreisOberösterreich412152.420Mettmach
5%
LilienfeldNiederösterreich31408465Mitterbach am Erlaufsee
5%
PergOberösterreich411121.782Mitterkirchen im Machland
5%
Spittal an der DrauKärnten20622834Mörtschach
5%
MurauSteiermark61410868Mühlen
5%
JennersdorfBurgenland10512385Mühlgraben
5%
Ried im InnkreisOberösterreich41217685Mühlheim am Inn
5%
Innsbruck-LandTirol703332.048Navis
5%
ReutteTirol70824459Nesselwängle
5%
OberpullendorfBurgenland108141.130Neutal
5%
Linz-LandOberösterreich410152.121Niederneukirchen
5%
OberpullendorfBurgenland108151.427Nikitsch
5%
MurauSteiermark614402.959Oberwölz
5%
GüssingBurgenland10412944Ollersdorf im Burgenland
5%
MelkNiederösterreich315302.155Persenbeug-Gottsdorf
5%
Kirchdorf an der KremsOberösterreich409125.411Pettenbach
5%
Innsbruck-LandTirol703391.103Pettnau
5%
LandeckTirol70618787Pians
5%
Bruck an der LeithaNiederösterreich307191.671Prellenkirchen
5%
LandeckTirol706191.877Prutz
5%
ScheibbsNiederösterreich32007277Puchenstuben
5%
RohrbachOberösterreich413281.550Putzleinsdorf
5%
LeobenSteiermark61112498Radmer
5%
KremsNiederösterreich313361.603Rastenfeld
5%
GüssingBurgenland10427464Rauchwart
5%
Innsbruck-LandTirol703451.937Rinn
5%
OberpullendorfBurgenland10820922Ritzing
5%
MurauSteiermark614431.827Sankt Lambrecht
5%
Hartberg-FürstenfeldSteiermark622471.346Schäffern
5%
ReutteTirol70829455Schattwald
5%
LienzTirol70727452Schlaiten
5%
Salzburg-UmgebungSalzburg503311.148Schleedorf
5%
MelkNiederösterreich31542932Schönbühel-Aggsbach
5%
GänserndorfNiederösterreich308522.002Schönkirchen-Reyersdorf
5%
KitzbühelTirol70418915Schwendt
5%
Graz-UmgebungSteiermark606453.209Semriach
5%
HornNiederösterreich311241.711Sigmundsherberg
5%
Hartberg-FürstenfeldSteiermark622521.468Söchau
5%
OberwartBurgenland109231.965Stadtschlaining
5%
FeldkirchenKärnten210101.601Steuerberg
5%
GmundenOberösterreich407161.171St. Konrad
5%
AmstettenNiederösterreich305342.150Strengberg
5%
KufsteinTirol705273.162Thiersee
5%
LienzTirol70731627Thurn
5%
Braunau am InnOberösterreich40444743Treubach
5%
RohrbachOberösterreich413422.876Ulrichsberg
5%
TamswegSalzburg505131.043Unternberg
5%
Innsbruck-LandTirol70362525Vals
5%
Innsbruck-LandTirol703654.530Volders
5%
ReutteTirol70834268Vorderhornbach
5%
FreistadtOberösterreich406231.434Waldburg
5%
ZwettlNiederösterreich325291.203Waldhausen
5%
PergOberösterreich411252.853Waldhausen im Strudengau
5%
Innsbruck-LandTirol70366778Wattenberg
5%
SchwazTirol709371.765Weer
5%
ImstTirol702242.155Wenns
5%
Villach-LandKärnten207275.613Wernberg
5%
SchärdingOberösterreich414291.549Wernstein am Inn
5%
VöcklabruckOberösterreich417491.582Weyregg am Attersee
5%
Steyr-LandOberösterreich415213.372Wolfern
5%
AmstettenNiederösterreich305422.183Wolfsbach
5%
FeldkirchenKärnten21001978Albeck
4%
RohrbachOberösterreich413042.276Altenfelden
4%
ZwettlNiederösterreich32519867Altmelon
4%
Innsbruck-LandTirol703031.858Ampass
4%
KufsteinTirol705281.933Angerberg
4%
Ried im InnkreisOberösterreich412021.090Antiesenhofen
4%
PergOberösterreich411021.549Arbing
4%
Villach-LandKärnten207031.329Arriach
4%
RohrbachOberösterreich41307594Auberg
4%
Braunau am InnOberösterreich40403814Auerbach
4%
Wels-LandOberösterreich418032.550Bad Wimsbach-Neydharting
4%
PergOberösterreich411031.853Baumgartenberg
4%
KremsNiederösterreich313031.329Bergern im Dunkelsteinerwald
4%
MelkNiederösterreich315041.228Bischofstetten
4%
MistelbachNiederösterreich316051.275Bockfließ
4%
GüssingBurgenland10401811Bocksdorf
4%
SchwazTirol70903379Brandberg
4%
Wiener Neustadt-LandNiederösterreich323251.185Bromberg
4%
SchärdingOberösterreich414032.071Brunnenthal
4%
NeunkirchenNiederösterreich31806353Buchbach
4%
GänserndorfNiederösterreich308101.119Drösing
4%
MelkNiederösterreich315072.402Dunkelsteinerwald
4%
Braunau am InnOberösterreich404062.782Eggelsberg
4%
GmündNiederösterreich30904678Eggern
4%
LeibnitzSteiermark610492.453Ehrenhausen an der Weinstraße
4%
GmündNiederösterreich30906701Eisgarn
4%
Innsbruck-LandTirol703071.154Ellbögen
4%
ReutteTirol70809391Elmen
4%
MelkNiederösterreich315531.781Emmersdorf an der Donau
4%
SchärdingOberösterreich414081.807Enzenkirchen
4%
AmstettenNiederösterreich305101.249Ertl
4%
LilienfeldNiederösterreich314021.287Eschenau
4%
GrieskirchenOberösterreich408041.060Eschenau im Hausruckkreis
4%
AmstettenNiederösterreich305112.751Euratsfeld
4%
LandeckTirol70601389Faggen
4%
Hartberg-FürstenfeldSteiermark622662.380Feistritztal
4%
LandeckTirol706043.134Fließ
4%
WeizSteiermark617101.220Floing
4%
EferdingOberösterreich405042.557Fraham
4%
Braunau am InnOberösterreich404081.034Franking
4%
SchwazTirol709101.510Fügenberg
4%
LienzTirol70708880Gaimberg
4%
LiezenSteiermark612561.356Gaishorn am See
4%
GrieskirchenOberösterreich408063.598Gaspoltshofen
4%
Braunau am InnOberösterreich404101.355Gilgenberg am Weilhart
4%
St. Veit an der GlanKärnten20506828Glödnitz
4%
FeldkirchenKärnten210041.027Gnesau
4%
Urfahr-UmgebungOberösterreich41608775Goldwörth
4%
Graz-UmgebungSteiermark606114.177Gössendorf
4%
OberwartBurgenland109041.221Grafenschachen
4%
Urfahr-UmgebungOberösterreich416095.095Gramastetten
4%
GänserndorfNiederösterreich30822102Großhofen
4%
Tulln an der DonauNiederösterreich321103.311Großweikersdorf
4%
Hartberg-FürstenfeldSteiermark622692.137Großwilfersdorf
4%
GüssingBurgenland10406872Güttenbach
4%
Braunau am InnOberösterreich40411631Haigermoos
4%
Braunau am InnOberösterreich404121.337Handenberg
4%
GänserndorfNiederösterreich308251.163Haringsee
4%
KorneuburgNiederösterreich312074.103Harmannsdorf
4%
EferdingOberösterreich405064.007Hartkirchen
4%
GmündNiederösterreich30915485Haugschlag
4%
GrieskirchenOberösterreich40810717Heiligenberg
4%
LeibnitzSteiermark610161.988Heimschuh
4%
RohrbachOberösterreich413451.594Helfenberg
4%
Urfahr-UmgebungOberösterreich416112.371Hellmonsödt
4%
ReutteTirol7081593Hinterhornbach
4%
EferdingOberösterreich405072.068Hinzenbach
4%
GmündNiederösterreich30917581Hirschbach
4%
FreistadtOberösterreich406051.208Hirschbach im Mühlkreis
4%
Wiener Neustadt-LandNiederösterreich323091.633Hochneukirchen-Gschaidt
4%
Wiener Neustadt-LandNiederösterreich323101.001Hochwolkersdorf
4%
GänserndorfNiederösterreich30828941Hohenruppersdorf
4%
Villach-LandKärnten20713897Hohenthurn
4%
WeizSteiermark617622.187Ilztal
4%
GüssingBurgenland10421331Inzenhof
4%
Spittal an der DrauKärnten206111.966Irschen
4%
Braunau am InnOberösterreich40416795Jeging
4%
RohrbachOberösterreich413131.546Julbach
4%
Graz-UmgebungSteiermark606232.838Kainbach bei Graz
4%
Waidhofen an der ThayaNiederösterreich322091.472Karlstein an der Thaya
4%
St. Pölten-LandNiederösterreich319162.262Karlstetten
4%
PergOberösterreich411063.289Katsdorf
4%
RohrbachOberösterreich413151.344Klaffer am Hochficht
4%
GüssingBurgenland10422230Kleinmürbisch
4%
MelkNiederösterreich315161.087Klein-Pöchlarn
4%
Tulln an der DonauNiederösterreich321151.423Königsbrunn am Wagram
4%
MistelbachNiederösterreich316281.696Kreuzstetten
4%
MelkNiederösterreich315171.630Krummnußbaum
4%
Graz-UmgebungSteiermark606263.960Kumberg
4%
OberpullendorfBurgenland10824606Lackendorf
4%
MistelbachNiederösterreich316302.331Ladendorf
4%
Ried im InnkreisOberösterreich412121.285Lambrechten
4%
HornNiederösterreich31113699Langau
4%
Tulln an der DonauNiederösterreich321192.582Langenrohr
4%
ZwettlNiederösterreich325161.710Langschlag
4%
Steyr-LandOberösterreich415081.229Laussa
4%
ReutteTirol708202.085Lechaschau
4%
RohrbachOberösterreich413181.525Lembach im Mühlkreis
4%
FreistadtOberösterreich40610989Leopoldschlag
4%
St. Veit an der GlanKärnten205153.405Liebenfels
4%
Ried im InnkreisOberösterreich412132.209Lohnsburg am Kobernaußerwald
4%
VoitsbergSteiermark616322.750Maria Lankowitz
4%
Steyr-LandOberösterreich415101.631Maria Neustift
4%
St. Pölten-LandNiederösterreich319222.021Markersdorf-Haindorf
4%
WeizSteiermark617162.966Markt Hartmannsdorf
4%
St. Pölten-LandNiederösterreich31923860Michelbach
4%
Braunau am InnOberösterreich404263.041Munderfing
4%
St. Pölten-LandNiederösterreich319251.468Neidling
4%
Hartberg-FürstenfeldSteiermark622741.536Neudau
4%
RohrbachOberösterreich413211.203Neufelden
4%
KufsteinTirol70519735Niederndorferberg
4%
MurauSteiermark61413601Niederwölz
4%
Kirchdorf an der KremsOberösterreich409102.310Nußbach
4%
RohrbachOberösterreich41324764Oberkappel
4%
Urfahr-UmgebungOberösterreich416153.246Oberneukirchen
4%
ImstTirol702131.528Obsteig
4%
WeizSteiermark617634.417Passail
4%
Villach-LandKärnten207205.779Paternion
4%
LandeckTirol706161.474Pettneu am Arlberg
4%
MelkNiederösterreich315311.555Petzenkirchen
4%
ReutteTirol7082593Pfafflar
4%
GmundenOberösterreich407144.332Pinsdorf
4%
Salzburg-UmgebungSalzburg503281.305Plainfeld
4%
MelkNiederösterreich315342.402Pöggstall
4%
VöcklabruckOberösterreich417262.421Pöndorf
4%
Ried im InnkreisOberösterreich412231.022Pramet
4%
DeutschlandsbergSteiermark603241.900Preding
4%
WolfsbergKärnten20911904Preitenegg
4%
St. Pölten-LandNiederösterreich319352.514Rabenstein an der Pielach
4%
OberpullendorfBurgenland10819895Raiding
4%
Spittal an der DrauKärnten206311.690Rangersdorf
4%
ZwettlNiederösterreich325211.742Rappottenstein
4%
PergOberösterreich411171.029Rechberg
4%
WolfsbergKärnten209121.730Reichenfels
4%
Spittal an der DrauKärnten206442.091Reißeck
4%
Villach-LandKärnten207211.887Rosegg
4%
Braunau am InnOberösterreich40434891Roßbach
4%
GrieskirchenOberösterreich408231.132Rottenbach
4%
VölkermarktKärnten208121.516Ruden
4%
RohrbachOberösterreich413382.238Sarleinsbach
4%
OberwartBurgenland10932279Schandorf
4%
EferdingOberösterreich405112.358Scharten
4%
Urfahr-UmgebungOberösterreich416221.650Schenkenfelden
4%
Klagenfurt-LandKärnten204322.706Schiefling am Wörthersee
4%
VöcklabruckOberösterreich417361.432Schlatt
4%
Kirchdorf an der KremsOberösterreich409172.902Schlierbach
4%
Innsbruck-LandTirol70349874Schmirn
4%
KufsteinTirol705252.593Schwoich
4%
AmstettenNiederösterreich305323.425Seitenstetten
4%
Ried im InnkreisOberösterreich41230783Senftenbach
4%
MattersburgBurgenland106131.255Sieggraben
4%
MattersburgBurgenland106141.182Sigleß
4%
VölkermarktKärnten208151.984Sittersdorf
4%
AmstettenNiederösterreich305333.713Sonntagberg
4%
ScheibbsNiederösterreich320142.325Steinakirchen am Forst
4%
KorneuburgNiederösterreich312281.073Stetteldorf am Wagram
4%
Villach-LandKärnten207231.590Stockenboi
4%
GüssingBurgenland10416921Strem
4%
SchwazTirol709311.913Stumm
4%
ImstTirol702222.842Tarrenz
4%
Braunau am InnOberösterreich404432.130Tarsdorf
4%
Klagenfurt-LandKärnten204352.274Techelsberg am Wörther See
4%
Steyr-LandOberösterreich415173.389Ternberg
4%
LeibnitzSteiermark610433.747Tillmitsch
4%
LandeckTirol70628504Tobadill
4%
LeobenSteiermark611161.413Traboch
4%
NeunkirchenNiederösterreich31841523Trattenbach
4%
Spittal an der DrauKärnten206381.162Trebesing
4%
Innsbruck-LandTirol703591.372Trins
4%
Braunau am InnOberösterreich40445694Überackern
4%
GmündNiederösterreich30939995Unserfrau-Altweitra
4%
VöcklabruckOberösterreich417451.539Unterach am Attersee
4%
FreistadtOberösterreich406212.156Unterweißenbach
4%
Ried im InnkreisOberösterreich412331.654Utzenaich
4%
Graz-UmgebungSteiermark606534.765Vasoldsberg
4%
LeobenSteiermark61118953Vordernberg
4%
Urfahr-UmgebungOberösterreich416282.742Vorderweißenbach
4%
GrieskirchenOberösterreich408313.803Waizenkirchen
4%
AmstettenNiederösterreich305382.188Wallsee-Sindelburg
4%
NeunkirchenNiederösterreich318441.600Wartmannstetten
4%
SchwazTirol709382.508Weerberg
4%
GrieskirchenOberösterreich408331.694Weibern
4%
GänserndorfNiederösterreich308602.042Weikendorf
4%
Graz-UmgebungSteiermark606542.712Weinitzen
4%
St. Veit an der GlanKärnten205312.015Weitensfeld im Gurktal
4%
HornNiederösterreich311291.520Weitersfeld
4%
Hartberg-FürstenfeldSteiermark622621.403Wenigzell
4%
DeutschlandsbergSteiermark603411.660Wettmannstätten
4%
SchwazTirol709392.171Wiesing
4%
AmstettenNiederösterreich305411.848Winklarn
4%
VöcklabruckOberösterreich417501.999Wolfsegg am Hausruck
4%
Tulln an der DonauNiederösterreich321391.604Würmla
4%
MelkNiederösterreich315522.030Yspertal
4%
MelkNiederösterreich315501.245Zelking-Matzleinsdorf
4%
WeizSteiermark617012.295Albersdorf-Prebuch
3%
MistelbachNiederösterreich31601764Altlichtenwarth
3%
SchärdingOberösterreich41401714Altschwendt
3%
GmündNiederösterreich309021.104Amaliendorf-Aalfang
3%
GänserndorfNiederösterreich30802154Andlersdorf
3%
Ried im InnkreisOberösterreich41201774Andrichsfurt
3%
ZwettlNiederösterreich325021.587Arbesbach
3%
AmstettenNiederösterreich305033.590Ardagger
3%
RohrbachOberösterreich413051.185Arnreit
3%
MelkNiederösterreich315021.260Artstetten-Pöbring
3%
VöcklabruckOberösterreich417041.262Atzbach
3%
OberwartBurgenland10931288Badersdorf
3%
Spittal an der DrauKärnten206021.848Baldramsdorf
3%
AmstettenNiederösterreich305063.479Behamberg
3%
ReutteTirol708051.469Breitenwang
3%
Wels-LandOberösterreich418044.067Buchkirchen
3%
Hartberg-FürstenfeldSteiermark622652.005Dechantskirchen
3%
Waidhofen an der ThayaNiederösterreich322031.553Dobersberg
3%
MelkNiederösterreich31506566Dorfstetten
3%
Wels-LandOberösterreich418062.351Edt bei Lambach
3%
SchärdingOberösterreich414061.386Eggerding
3%
Urfahr-UmgebungOberösterreich416042.146Eidenberg
3%
Ried im InnkreisOberösterreich41205903Eitzing
3%
LeibnitzSteiermark610071.412Empersdorf
3%
GänserndorfNiederösterreich308142.192Engelhartstetten
3%
SchärdingOberösterreich41407940Engelhartszell
3%
Villach-LandKärnten207102.032Ferndorf
3%
AmstettenNiederösterreich305121.856Ferschnitz
3%
VöcklabruckOberösterreich417081.007Fornach
3%
St. Veit an der GlanKärnten205343.555Frauenstein
3%
Villach-LandKärnten207121.241Fresach
3%
VölkermarktKärnten208061.783Gallizien
3%
VöcklabruckOberösterreich417113.125Gampern
3%
GrieskirchenOberösterreich408071.468Geboltskirchen
3%
KremsNiederösterreich313102.136Gedersdorf
3%
Braunau am InnOberösterreich404091.169Geretsberg
3%
SchwazTirol70913486Gerlosberg
3%
WeizSteiermark617591.754Gersdorf an der Feistritz
3%
HermagorKärnten203201.234Gitschtal
3%
VölkermarktKärnten208071.594Globasnitz
3%
ZwettlNiederösterreich32506832Grafenschlag
3%
LandeckTirol706071.357Grins
3%
GmündNiederösterreich309092.181Großdietmanns
3%
MistelbachNiederösterreich316151.527Großengersdorf
3%
MistelbachNiederösterreich316161.082Großharras
3%
GüssingBurgenland10420226Großmürbisch
3%
Hartberg-FürstenfeldSteiermark622161.306Großsteinbach
3%
GmundenOberösterreich407082.989Gschwandt
3%
St. Pölten-LandNiederösterreich319101.707Hafnerbach
3%
SüdoststeiermarkSteiermark623261.676Halbenrain
3%
Linz-LandOberösterreich410061.453Hargelsberg
3%
ReutteTirol70813675Häselgehr
3%
Graz-UmgebungSteiermark606181.607Haselsdorf-Tobelbad
3%
MistelbachNiederösterreich31620878Hausbrunn
3%
HollabrunnNiederösterreich310191.462Heldenberg
3%
BadenNiederösterreich306141.561Hernstein
3%
SchwazTirol709161.459Hippach
3%
MelkNiederösterreich315111.718Hofamt Priel
3%
GmündNiederösterreich309201.398Hoheneich
3%
ReutteTirol70817387Holzgau
3%
St. Veit an der GlanKärnten205111.291Hüttenberg
3%
SüdoststeiermarkSteiermark623301.629Jagerberg
3%
HornNiederösterreich31111694Japons
3%
FreistadtOberösterreich40606598Kaltenberg
3%
St. Pölten-LandNiederösterreich319151.358Kapelln
3%
LilienfeldNiederösterreich314051.062Kaumberg
3%
MelkNiederösterreich315151.114Kirnberg an der Mank
3%
LeibnitzSteiermark610191.174Kitzeck im Sausal
3%
SüdoststeiermarkSteiermark623351.158Klöch
3%
OberpullendorfBurgenland108071.893Kobersdorf
3%
LeobenSteiermark611071.354Kraubath an der Mur
3%
GüssingBurgenland104082.004Kukmirn
3%
OberwartBurgenland109091.151Litzelsdorf
3%
MurtalSteiermark620391.830Lobmingtal
3%
Klagenfurt-LandKärnten204161.798Ludmannsdorf
3%
Spittal an der DrauKärnten206432.661Lurnfeld
3%
Klagenfurt-LandKärnten204423.655Magdalensberg
3%
HollabrunnNiederösterreich31025551Mailberg
3%
MelkNiederösterreich315221.688Marbach an der Donau
3%
GänserndorfNiederösterreich30836882Markgrafneusiedl
3%
OberwartBurgenland10913671Markt Neuhodis
3%
ZwettlNiederösterreich325171.065Martinsberg
3%
HornNiederösterreich31114855Meiseldorf
3%
ReutteTirol70822384Musau
3%
Graz-UmgebungSteiermark606662.766Nestelbach bei Graz
3%
RohrbachOberösterreich41322991Niederkappel
3%
MistelbachNiederösterreich31636911Niederleis
3%
LeibnitzSteiermark610242.079Oberhaag
3%
RohrbachOberösterreich413251.545Oepping
3%
Linz-LandOberösterreich410162.141Oftering
3%
GüssingBurgenland104111.490Olbendorf
3%
NeunkirchenNiederösterreich31820554Otterthal
3%
VöcklabruckOberösterreich417224.068Ottnang am Hausruck
3%
PergOberösterreich411151.687Pabneukirchen
3%
SüdoststeiermarkSteiermark623843.136Paldau
3%
GänserndorfNiederösterreich308451.360Palterndorf-Dobermannsdorf
3%
Braunau am InnOberösterreich404291.182Palting
3%
Ried im InnkreisOberösterreich412211.085Pattigham
3%
Braunau am InnOberösterreich404301.118Perwang am Grabensee
3%
Ried im InnkreisOberösterreich41222667Peterskirchen
3%
Waidhofen an der ThayaNiederösterreich32214939Pfaffenschlag bei Waidhofen a.d.Thaya
3%
ReutteTirol708261.606Pflach
3%
FreistadtOberösterreich406131.029Pierbach
3%
OberpullendorfBurgenland10818832Piringsdorf
3%
MurtalSteiermark620442.568Pölstal
3%
MattersburgBurgenland10608754Pöttelsdorf
3%
NeunkirchenNiederösterreich31825433Prigglitz
3%
LeobenSteiermark611111.585Proleb
3%
MurtalSteiermark62021433Pusterwald
3%
KufsteinTirol705202.564Radfeld
3%
ScheibbsNiederösterreich320091.868Randegg
3%
Innsbruck-LandTirol703431.125Ranggen
3%
HollabrunnNiederösterreich310361.643Ravelsbach
3%
Ried im InnkreisOberösterreich412241.619Reichersberg
3%
BadenNiederösterreich306291.766Reisenberg
3%
HollabrunnNiederösterreich310381.004Retzbach
3%
OberwartBurgenland109201.656Riedlingsdorf
3%
GänserndorfNiederösterreich308501.286Ringelsdorf-Niederabsdorf
3%
SchwazTirol70924570Rohrberg
3%
HornNiederösterreich31119495Röhrenbach
3%
GmundenOberösterreich407152.107Roitham am Traunfall
3%
KremsNiederösterreich313381.080Rossatz-Arnsdorf
3%
OberwartBurgenland109211.455Rotenturm an der Pinka
3%
VöcklabruckOberösterreich417322.303Rüstorf
3%
OberwartBurgenland10922750Schachendorf
3%
Braunau am InnOberösterreich404414.126Schalchen
3%
SchärdingOberösterreich414232.493Schardenberg
3%
Steyr-LandOberösterreich415151.292Schiedlberg
3%
Wels-LandOberösterreich418181.409Schleißheim
3%
SchwazTirol709251.562Schlitters
3%
MurauSteiermark61428884Schöder
3%
ZwettlNiederösterreich32523758Schönbach
3%
MistelbachNiederösterreich31646856Schrattenberg
3%
LeibnitzSteiermark610572.332Schwarzautal
3%
SchwazTirol709271.843Schwendau
3%
KremsNiederösterreich313431.929Senftenberg
3%
Wels-LandOberösterreich418192.263Sipbachzell
3%
Tulln an der DonauNiederösterreich321322.466Sitzenberg-Reidling
3%
HollabrunnNiederösterreich310432.165Sitzendorf an der Schmida
3%
Urfahr-UmgebungOberösterreich416231.106Sonnberg im Mühlkreis
3%
GänserndorfNiederösterreich30854988Spannberg
3%
GrieskirchenOberösterreich408281.102Steegen
3%
Graz-UmgebungSteiermark60647707Stiwoll
3%
St. Pölten-LandNiederösterreich31941848Stössing
3%
SüdoststeiermarkSteiermark623903.470Straden
3%
WeizSteiermark617501.903Strallegg
3%
LandeckTirol706271.226Strengen
3%
SchwazTirol70932854Stummerberg
3%
LandeckTirol70629759Tösens
3%
FreistadtOberösterreich406203.166Tragwein
3%
Ried im InnkreisOberösterreich412321.593Tumeltsham
3%
SchwazTirol709351.922Uderns
3%
MistelbachNiederösterreich316512.679Ulrichskirchen-Schleinbach
3%
OberpullendorfBurgenland10825652Unterfrauenhaid
3%
OberpullendorfBurgenland10826640Unterrabnitz-Schwendgraben
3%
FreistadtOberösterreich406222.215Unterweitersdorf
3%
GmündNiederösterreich309401.175Waldenstein
3%
ReutteTirol70835979Wängle
3%
AmstettenNiederösterreich305392.348Weistrach
3%
Wiener Neustadt-LandNiederösterreich323351.546Wiesmath
3%
Wiener Neustadt-LandNiederösterreich323361.860Winzendorf-Muthmannsdorf
3%
NeunkirchenNiederösterreich318471.646Würflach
3%
SchwazTirol70941660Zellberg
3%
MattersburgBurgenland106181.283Zemendorf-Stöttera
3%
Steyr-LandOberösterreich415012.089Adlwang
2%
KremsNiederösterreich313021.007Albrechtsberg an der Großen Krems
2%
AmstettenNiederösterreich305012.234Allhartsberg
2%
KufsteinTirol705021.023Angath
2%
St. Pölten-LandNiederösterreich319022.369Asperhofen
2%
Tulln an der DonauNiederösterreich321043.365Atzenbrugg
2%
RohrbachOberösterreich41306453Atzesberg
2%
AmstettenNiederösterreich305072.327Biberbach
2%
GüssingBurgenland104021.469Burgauberg-Neudauberg
2%
VöcklabruckOberösterreich417071.905Desselbrunn
2%
PergOberösterreich411041.006Dimbach
2%
St. Veit an der GlanKärnten205041.218Eberstein
2%
ZwettlNiederösterreich325041.287Echsenbach
2%
SüdoststeiermarkSteiermark623111.346Edelsbach bei Feldbach
2%
ReutteTirol70806828Ehenbichl
2%
SüdoststeiermarkSteiermark623141.385Eichkögl
2%
SchärdingOberösterreich414092.855Esternberg
2%
LandeckTirol70602283Fendels
2%
Wels-LandOberösterreich418071.347Fischlham
2%
ReutteTirol70810245Forchach
2%
SchärdingOberösterreich414101.475Freinberg
2%
LeibnitzSteiermark610081.294Gabersdorf
2%
SchwazTirol70911711Gallzein
2%
Waidhofen an der ThayaNiederösterreich322061.161Gastern
2%
MistelbachNiederösterreich31611903Gaubitsch
2%
Ried im InnkreisOberösterreich41206498Geiersberg
2%
VoitsbergSteiermark616281.457Geistthal-Södingberg
2%
MistelbachNiederösterreich316131.177Gnadendorf
2%
Innsbruck-LandTirol70311856Gnadenwald
2%
HollabrunnNiederösterreich310091.741Grabern
2%
Hartberg-FürstenfeldSteiermark622141.871Greinbach
2%
ZwettlNiederösterreich325091.333Großgöttfritz
2%
Tulln an der DonauNiederösterreich32109969Großriedenthal
2%
GmündNiederösterreich309121.227Großschönau
2%
ZwettlNiederösterreich32511495Gutenbrunn
2%
St. Veit an der GlanKärnten205091.504Guttaring
2%
GüssingBurgenland10418373Hackerberg
2%
SchwazTirol70914729Hainzenberg
2%
OberwartBurgenland10906744Hannersdorf
2%
St. Pölten-LandNiederösterreich319111.228Haunoldstein
2%
LeibnitzSteiermark610171.493Hengsberg
2%
Urfahr-UmgebungOberösterreich416122.725Herzogsdorf
2%
GüssingBurgenland10424222Heugraben
2%
WeizSteiermark617192.380Hofstätten an der Raab
2%
Wiener Neustadt-LandNiederösterreich32312977Hollenthon
2%
KremsNiederösterreich313191.265Jaidhof
2%
VoitsbergSteiermark616301.589Kainach bei Voitsberg
2%
SüdoststeiermarkSteiermark623321.528Kapfenstein
2%
Waidhofen an der ThayaNiederösterreich322101.080Kautzen
2%
Wels-LandOberösterreich418103.238Krenglbach
2%
MattersburgBurgenland10619640Krensdorf
2%
VoitsbergSteiermark616112.473Krottendorf-Gaisfeld
2%
FreistadtOberösterreich406092.886Lasberg
2%
Wiener Neustadt-LandNiederösterreich323171.057Lichtenegg
2%
SüdoststeiermarkSteiermark623431.333Mettersdorf am Saßbach
2%
Tulln an der DonauNiederösterreich321204.116Michelhausen
2%
OberwartBurgenland109141.484Mischendorf
2%
Ried im InnkreisOberösterreich41216335Mörschwang
2%
WeizSteiermark617302.268Mortantsch
2%
GüssingBurgenland10428379Moschendorf
2%
MelkNiederösterreich315251.658Münichreith-Laimbach
2%
GrieskirchenOberösterreich408162.281Natternbach
2%
RohrbachOberösterreich41320649Nebelberg
2%
RohrbachOberösterreich413231.860Niederwaldkirchen
2%
MelkNiederösterreich315281.029Nöchling
2%
OberpullendorfBurgenland10828806Oberloisdorf
2%
Hartberg-FürstenfeldSteiermark622321.596Ottendorf an der Rittschein
2%
MistelbachNiederösterreich31658527Ottenthal
2%
KremsNiederösterreich313332.702Paudorf
2%
RohrbachOberösterreich413261.574Peilstein im Mühlviertel
2%
St. Pölten-LandNiederösterreich319461.519Perschling
2%
VöcklabruckOberösterreich417231.541Pfaffing
2%
Linz-LandOberösterreich410181.938Piberbach
2%
OberpullendorfBurgenland108171.595Pilgersdorf
2%
ReutteTirol70827418Pinswang
2%
SüdoststeiermarkSteiermark623852.557Pirching am Traubenberg
2%
VöcklabruckOberösterreich41725575Pitzenberg
2%
Klagenfurt-LandKärnten204253.277Poggersdorf
2%
EferdingOberösterreich405082.981Prambachkirchen
2%
VöcklabruckOberösterreich417271.108Puchkirchen am Trattberg
2%
VöcklabruckOberösterreich41728640Pühret
2%
EferdingOberösterreich405091.790Pupping
2%
LeibnitzSteiermark610271.560Ragnitz
2%
MurauSteiermark614411.125Ranten
2%
GmündNiederösterreich30929612Reingers
2%
ScheibbsNiederösterreich320101.073Reinsberg
2%
KufsteinTirol70523573Rettenschöss
2%
HornNiederösterreich311201.097Röschitz
2%
Kirchdorf an der KremsOberösterreich409151.843Roßleithen
2%
MelkNiederösterreich315372.296Ruprechtshofen
2%
Bruck an der LeithaNiederösterreich307221.246Scharndorf
2%
Ried im InnkreisOberösterreich412291.235Schildorn
2%
GrieskirchenOberösterreich408273.081Schlüßlberg
2%
NeunkirchenNiederösterreich31834401Schrattenbach
2%
HollabrunnNiederösterreich31041895Schrattenthal
2%
ZwettlNiederösterreich325252.051Schweiggers
2%
BadenNiederösterreich306331.566Seibersdorf
2%
SchärdingOberösterreich41424873Sigharting
2%
ReutteTirol70830517Stanzach
2%
St. Pölten-LandNiederösterreich319401.422Statzendorf
2%
Wels-LandOberösterreich418212.476Steinerkirchen an der Traun
2%
HornNiederösterreich31130692Straning-Grafenberg
2%
KremsNiederösterreich31347875Stratzing
2%
MistelbachNiederösterreich316501.577Stronsdorf
2%
WeizSteiermark617512.492Thannhausen
2%
VöcklabruckOberösterreich417424.103Tiefgraben
2%
SüdoststeiermarkSteiermark623681.227Tieschen
2%
GüssingBurgenland1042368Tschanigraben
2%
OberwartBurgenland10924977Unterkohlstätten
2%
SchärdingOberösterreich41427623Vichtenstein
2%
Wiener Neustadt-LandNiederösterreich323311.554Waidmannsfeld
2%
Wiener Neustadt-LandNiederösterreich323331.232Walpersbach
2%
OberpullendorfBurgenland10827358Weingraben
2%
FreistadtOberösterreich406251.037Weitersfelden
2%
GrieskirchenOberösterreich40834888Wendling
2%
MistelbachNiederösterreich316531.551Wildendürnbach
2%
Waidhofen an der ThayaNiederösterreich32223941Windigsteig
2%
AmstettenNiederösterreich305441.906Zeillern
2%
HollabrunnNiederösterreich310522.423Zellerndorf
2%
ReutteTirol70837247Zöblen
2%
Wels-LandOberösterreich41801642Aichkirchen
1%
GrieskirchenOberösterreich40801977Aistersheim
1%
Wels-LandOberösterreich41802722Bachmanning
1%
HornNiederösterreich311031.322Burgschleinitz-Kühnring
1%
SchärdingOberösterreich414041.532Diersbach
1%
Kirchdorf an der KremsOberösterreich40901657Edlbach
1%
ReutteTirol70808901Elbigenalp
1%
MistelbachNiederösterreich31609801Fallbach
1%
Wels-LandOberösterreich418091.013Holzhausen
1%
RohrbachOberösterreich41311424Hörbich
1%
VöcklabruckOberösterreich41714778Manning
1%
GrieskirchenOberösterreich408151.301Michaelnbach
1%
St. Veit an der GlanKärnten205201.333Mölbling
1%
HollabrunnNiederösterreich310281.186Nappersdorf-Kammersdorf
1%
VöcklabruckOberösterreich417171.137Niederthalheim
1%
Kirchdorf an der KremsOberösterreich40911478Oberschlierbach
1%
Wels-LandOberösterreich418141.732Offenhausen
1%
Wels-LandOberösterreich418151.013Pennewang
1%
VöcklabruckOberösterreich41724637Pilsbach
1%
GrieskirchenOberösterreich408211.004Pollham
1%
MelkNiederösterreich315351.033Raxendorf
1%
VöcklabruckOberösterreich41729538Redleiten
1%
VöcklabruckOberösterreich417301.639Redlham
1%
VöcklabruckOberösterreich41733299Rutzenham
1%
ZwettlNiederösterreich325221.270Sallingberg
1%
MelkNiederösterreich315431.058Schollach
1%
EferdingOberösterreich405121.673Stroheim
1%
GrieskirchenOberösterreich40830936Tollet
1%
VöcklabruckOberösterreich417441.475Ungenach
1%
SüdoststeiermarkSteiermark623721.242Unterlamm
1%
Steyr-LandOberösterreich415182.205Waldneukirchen
1%
Ried im InnkreisOberösterreich41235611Weilbach
1%
Ried im InnkreisOberösterreich41236555Wippenham
1%
St. Pölten-LandNiederösterreich319482.499Wölbling
1%
GüssingBurgenland10419534Wörterberg
1%

Verteilung der Resultate

Perzentil nach korrekt beantworteten Fragen

Anzahl Personen mit jedem Resultat

Ihre Resultats-Entwicklung

Sie haben dieses Quiz seit der letzten Aktualisierung nicht gespielt